Five Closest Cities to a Random 1M+ City - Statistics

General Stats
  • This quiz has been taken 175 times
  • The average score is 16 of 40
Answer Stats
City km Closest City mi % Correct
Monrovia 759 Abidjan 471
100%
Accra 420 Abidjan 261
100%
Doha 299 Abu Dhabi 186
100%
Zaria 226 Abuja 140
100%
Mersin 65 Adana 41
100%
Kayseri 194 Adana 120
100%
Mogadishu 1064 Addis Ababa 661
100%
Melbourne 654 Adelaide 406
100%
Auckland 3246 Adelaide 2017
100%
Karachi 606 Ahmedabad 376
100%
Rajkot 202 Ahmedabad 125
100%
Vadodara 99 Ahmedabad 61
100%
Surat 203 Ahmedabad 126
100%
Mersin 235 Aleppo 146
100%
Tunis 635 Algiers 395
100%
Tripoli 1019 Algiers 633
100%
Gaza 159 Amman 99
100%
Medina 907 Amman 563
100%
Lahore 51 Amritsar 31
100%
Faisalabad 169 Amritsar 105
100%
Chandigarh 206 Amritsar 128
100%
Bremen 275 Amsterdam 171
100%
Cebu 648 Angeles 403
100%
Kayseri 261 Ankara 162
100%
Amsterdam 133 Antwerp 82
100%
Charlotte 364 Atlanta 226
100%
Melbourne 2626 Auckland 1632
100%
Dallas 294 Austin 182
100%
Oklahoma City 579 Austin 360
100%
Monrovia 770 Bamako 479
100%
Yangon 577 Bangkok 359
100%
Dakar 167 Banjul 104
100%
Monrovia 1014 Banjul 630
100%
Bordeaux 443 Barcelona 275
100%
Tangshan 155 Beijing 96
100%
Gaza 295 Beirut 183
100%
Teresina 751 Belem 467
100%
Copenhagen 355 Berlin 220
100%
Oslo 838 Berlin 521
100%
Nottingham 73 Birmingham 45
100%
Liverpool 126 Birmingham 78
100%
Dublin 308 Birmingham 192
100%
Ottawa 504 Boston 313
100%
New York 306 Boston 190
100%
Kinshasa 6 Brazzaville 4
100%
Berlin 315 Bremen 196
100%
Melbourne 1374 Brisbane 854
100%
Auckland 2290 Brisbane 1423
100%
Amsterdam 174 Brussels 108
100%
Cordoba 647 Buenos Aires 402
100%
Toronto 94 Buffalo 59
100%
Ottawa 379 Buffalo 236
100%
San Juan 890 Caracas 553
100%
Marrakesh 222 Casablanca 138
100%
Rabat 86 Casablanca 53
100%
Tangier 293 Casablanca 182
100%
Qiqihar 401 Changchun 249
100%
Atlanta 364 Charlotte 226
100%
Omsk 762 Chelyabinsk 473
100%
Yangon 767 Chittagong 477
100%
Yibin 206 Chongqing 128
100%
Columbus 161 Cincinnati 100
100%
Chicago 406 Cincinnati 252
100%
Toronto 304 Cleveland 189
100%
Columbus 204 Cleveland 127
100%
Bremen 269 Cologne 167
100%
Dakar 705 Conakry 438
100%
Monrovia 478 Conakry 297
100%
Oslo 484 Copenhagen 300
100%
Mendoza 471 Cordoba 293
100%
Cheongju 130 Daegu 81
100%
Austin 294 Dallas 182
100%
Oklahoma City 307 Dallas 190
100%
Gaza 293 Damascus 182
100%
Doha 192 Dammam 120
100%
Qiqihar 114 Daqing 71
100%
Cebu 407 Davao 253
100%
Agra 182 Delhi 113
100%
Salt Lake City 597 Denver 371
100%
Toronto 332 Detroit 206
100%
Columbus 264 Detroit 164
100%
Chicago 381 Detroit 237
100%
Riyadh 488 Doha 303
100%
Odessa 559 Donetsk 347
100%
Volgograd 504 Donetsk 313
100%
Doha 379 Dubai 235
100%
Douala 361 Enugu 224
100%
Kabul 504 Faisalabad 313
100%
Malaga 300 Fes 186
100%
Marrakesh 391 Fes 243
100%
Rabat 173 Fes 107
100%
Tangier 205 Fes 127
100%
Turin 318 Florence 198
100%
Natal 435 Fortaleza 271
100%
Stuttgart 153 Frankfurt 95
100%
Dakar 830 Freetown 516
100%
Monrovia 359 Freetown 223
100%
Mersin 246 Gaziantep 153
100%
Kayseri 248 Gaziantep 154
100%
Dublin 309 Glasgow 192
100%
Huizhou 118 Guangzhou 73
100%
Hong Kong 129 Guangzhou 80
100%
San Salvador 193 Guatemala City 120
100%
Lahore 68 Gujranwala 43
100%
Faisalabad 131 Gujranwala 82
100%
Bremen 95 Hamburg 59
100%
Berlin 256 Hamburg 159
100%
Oslo 709 Hamburg 440
100%
Ningbo 141 Hangzhou 87
100%
Bremen 100 Hanover 62
100%
Qiqihar 270 Harbin 168
100%
Washington, D.C. 153 Harrisburg 95
100%
New York 162 Hartford 100
100%
Miami 370 Havana 230
100%
Cape Coral 399 Havana 248
100%
Lu'an 67 Hefei 42
100%
Huizhou 91 Hong Kong 57
100%
Dallas 362 Houston 225
100%
Oklahoma City 666 Houston 414
100%
Karachi 151 Hyderabad 94
100%
Rajkot 422 Hyderabad 262
100%
Columbus 271 Indianapolis 168
100%
Chicago 266 Indianapolis 165
100%
Saint Louis 371 Indianapolis 230
100%
Vadodara 278 Indore 173
100%
Athens 562 Istanbul 349
100%
Athens 301 Izmir 187
100%
Atlanta 460 Jacksonville 286
100%
Chandigarh 132 Jalandhar 82
100%
Medina 334 Jeddah 208
100%
Gaza 87 Jerusalem 54
100%
Medina 919 Jerusalem 571
100%
Ningbo 124 Jiaxing 77
100%
Peshawar 224 Kabul 139
100%
Jiaozuo 108 Kaifeng 67
100%
Kigali 376 Kampala 234
100%
Zaria 137 Kano 85
100%
Varanasi 304 Kanpur 189
100%
Oklahoma City 480 Kansas City 298
100%
Saint Louis 383 Kansas City 238
100%
Tainan 43 Kaohsiung 27
100%
Mersin 227 Kayseri 141
100%
Volgograd 613 Kharkiv 381
100%
Odessa 442 Kiev 274
100%
Kananga 805 Kinshasa 500
100%
Brazzaville 6 Kinshasa 4
100%
Kigali 608 Kisangani 378
100%
Mersin 223 Konya 139
100%
Kayseri 278 Konya 172
100%
Batam 343 Kuala Lumpur 213
100%
Accra 199 Kumasi 123
100%
Hanoi 528 Kunming 328
100%
Riyadh 534 Kuwait City 332
100%
Accra 412 Lagos 256
100%
Faisalabad 119 Lahore 74
100%
Amritsar 51 Lahore 31
100%
Salt Lake City 584 Las Vegas 363
100%
Liverpool 104 Leeds 64
100%
Dublin 316 Leeds 196
100%
Porto 275 Lisbon 171
100%
Nottingham 132 Liverpool 82
100%
Dublin 218 Liverpool 136
100%
Southampton 111 London 69
100%
Atlanta 516 Louisville 321
100%
Saint Louis 390 Louisville 242
100%
Kinshasa 550 Luanda 342
100%
Brazzaville 553 Luanda 344
100%
Kananga 846 Lubumbashi 526
100%
Varanasi 267 Lucknow 166
100%
Chandigarh 91 Ludhiana 57
100%
Jiaozuo 98 Luoyang 61
100%
Bordeaux 436 Lyon 271
100%
Turin 236 Lyon 146
100%
Porto 421 Madrid 262
100%
Bordeaux 554 Madrid 344
100%
Tangier 163 Malaga 101
100%
Semarang 267 Malang 166
100%
Yogyakarta 251 Malang 156
100%
Guatemala City 555 Managua 345
100%
Riyadh 423 Manama 263
100%
Doha 142 Manama 88
100%
Belem 1293 Manaus 804
100%
Nottingham 93 Manchester 58
100%
Liverpool 50 Manchester 31
100%
Dublin 268 Manchester 166
100%
Yangon 570 Mandalay 354
100%
Cebu 572 Manila 356
100%
Stuttgart 94 Mannheim 58
100%
San Juan 932 Maracay 579
100%
Rabat 288 Marrakesh 179
100%
Bordeaux 505 Marseille 314
100%
Lyon 278 Marseille 173
100%
Turin 278 Marseille 173
100%
Kigali 854 Mbuji-Mayi 531
100%
Kananga 134 Mbuji-Mayi 83
100%
Kinshasa 939 Mbuji-Mayi 583
100%
Medina 339 Mecca 211
100%
Jeddah 334 Medina 208
100%
Auckland 2626 Melbourne 1632
100%
Dallas 675 Memphis 420
100%
Saint Louis 388 Memphis 241
100%
Buenos Aires 988 Mendoza 614
100%
Kayseri 227 Mersin 141
100%
Toluca 57 Mexico City 35
100%
Cape Coral 200 Miami 124
100%
Havana 366 Miami 228
100%
Turin 126 Milan 78
100%
Florence 250 Milan 155
100%
Zurich 218 Milan 135
100%
Chicago 131 Milwaukee 81
100%
Mogadishu 923 Mombasa 574
100%
Buenos Aires 203 Montevideo 126
100%
Ottawa 167 Montreal 104
100%
Faisalabad 208 Multan 129
100%
Surat 248 Mumbai 154
100%
Zurich 243 Munich 151
100%
Stuttgart 191 Munich 118
100%
Sapporo 956 Nagoya 594
100%
Mogadishu 1015 Nairobi 631
100%
Kigali 504 Nairobi 313
100%
Wuhan 260 Nanchang 162
100%
Yancheng 167 Nantong 104
100%
Florence 408 Naples 254
100%
Tripoli 889 Naples 552
100%
Rajkot 402 Nashik 250
100%
Surat 166 Nashik 103
100%
Atlanta 346 Nashville 215
100%
Saint Louis 408 Nashville 253
100%
Dakar 408 Nouakchott 254
100%
Omsk 608 Novosibirsk 378
100%
Stuttgart 157 Nuremberg 98
100%
Omsk 443 Nur-Sultan 275
100%
Dallas 307 Oklahoma City 190
100%
Miami 329 Orlando 204
100%
Cape Coral 220 Orlando 136
100%
Havana 609 Orlando 379
100%
Toronto 352 Ottawa 219
100%
Batam 465 Palembang 289
100%
Batam 296 Pekanbaru 184
100%
Melbourne 2722 Perth 1691
100%
Auckland 5347 Perth 3322
100%
Kabul 224 Peshawar 139
100%
Washington, D.C. 198 Philadelphia 123
100%
New York 130 Philadelphia 81
100%
Salt Lake City 813 Phoenix 505
100%
Toronto 360 Pittsburgh 224
100%
Washington, D.C. 307 Pittsburgh 191
100%
Columbus 260 Pittsburgh 162
100%
Kinshasa 387 Pointe-Noire 241
100%
San Juan 658 Port-au-Prince 409
100%
Douala 308 Port Harcourt 191
100%
Buenos Aires 842 Porto Alegre 523
100%
Malaga 371 Rabat 231
100%
Marrakesh 288 Rabat 179
100%
Tangier 216 Rabat 134
100%
Vadodara 246 Rajkot 153
100%
Surat 244 Rajkot 152
100%
Virginia Beach 267 Raleigh 166
100%
Kabul 370 Rawalpindi 230
100%
Natal 254 Recife 158
100%
Washington, D.C. 155 Richmond 96
100%
Sao Paulo 361 Rio de Janeiro 224
100%
Medina 720 Riyadh 448
100%
Doha 488 Riyadh 303
100%
Florence 232 Rome 144
100%
Tripoli 1002 Rome 623
100%
Mendoza 764 Rosario 474
100%
Buenos Aires 281 Rosario 175
100%
Volgograd 393 Rostov 244
100%
Amsterdam 58 Rotterdam 36
100%
Salt Lake City 857 Sacramento 532
100%
Chicago 422 Saint Louis 262
100%
Dallas 406 San Antonio 253
100%
Oklahoma City 678 San Antonio 421
100%
Cordoba 650 Santiago 404
100%
Mendoza 179 Santiago 111
100%
San Juan 400 Santo Domingo 249
100%
Curitiba 339 Sao Paulo 211
100%
Rio de Janeiro 361 Sao Paulo 224
100%
Volgograd 332 Saratov 206
100%
Yogyakarta 91 Semarang 56
100%
Sapporo 535 Sendai 332
100%
Pyongyang 197 Seoul 122
100%
Cheongju 112 Seoul 70
100%
Porto 475 Seville 295
100%
Malaga 158 Seville 98
100%
Tangier 180 Seville 112
100%
Liverpool 100 Sheffield 62
100%
Qiqihar 618 Shenyang 384
100%
Batam 28 Singapore 17
100%
Athens 526 Sofia 327
100%
Tripoli 401 Sousse 249
100%
Oslo 417 Stockholm 259
100%
Semarang 258 Surabaya 160
100%
Yogyakarta 270 Surabaya 168
100%
Denpasar 316 Surabaya 196
100%
Semarang 76 Surakarta 47
100%
Yogyakarta 57 Surakarta 36
100%
Rajkot 244 Surat 152
100%
Vadodara 128 Surat 80
100%
Melbourne 713 Sydney 443
100%
Auckland 2156 Sydney 1340
100%
Tainan 139 Taichung 86
100%
Kaohsiung 175 Taichung 109
100%
Kaohsiung 43 Tainan 27
100%
Tainan 260 Taipei 161
100%
Kaohsiung 291 Taipei 181
100%
Ningbo 135 Taizhou 84
100%
Cape Coral 154 Tampa 96
100%
Havana 536 Tampa 333
100%
Gaza 83 Tel Aviv 51
100%
Belem 751 Teresina 467
100%
Tangshan 104 Tianjin 64
100%
Sapporo 833 Tokyo 517
100%
Ottawa 352 Toronto 219
100%
Bordeaux 211 Toulouse 131
100%
Tunis 513 Tripoli 319
100%
Tripoli 571 Tunis 355
100%
Florence 318 Turin 198
100%
Zurich 264 Turin 164
100%
Omsk 1107 Ufa 688
100%
Rajkot 246 Vadodara 153
100%
Surat 128 Vadodara 80
100%
San Juan 944 Valencia 587
100%
Washington, D.C. 245 Virginia Beach 152
100%
Volgograd 501 Voronezh 311
100%
Virginia Beach 245 Washington, D.C. 152
100%
Tainan 269 Xiamen 167
100%
Douala 203 Yaounde 126
100%
Omsk 821 Yekaterinburg 510
100%
Semarang 91 Yogyakarta 56
100%
Denpasar 544 Yogyakarta 338
100%
Jiaozuo 63 Zhengzhou 39
100%
Turin 264 Zurich 164
100%
Stuttgart 164 Zurich 102
100%
Munich 243 Zurich 151
100%
Cologne 183 Brussels 114
67%
Cologne 153 Frankfurt 95
67%
Liverpool 132 Nottingham 82
67%
Ilorin 332 Abuja 206
50%
Delhi 182 Agra 113
50%
Bareilly 189 Agra 117
50%
Istanbul 352 Ankara 218
50%
Bandung 308 Bandar Lampung 191
50%
Riyadh 656 Basra 407
50%
Southampton 179 Birmingham 111
50%
Kananga 809 Brazzaville 503
50%
Barranquilla 464 Bucaramanga 288
50%
Istanbul 447 Bucharest 278
50%
Melbourne, US 209 Cape Coral 130
50%
Valencia, VE 124 Caracas 77
50%
Barranquilla 100 Cartagena 62
50%
Yangon 647 Chonburi 402
50%
Bandung 108 Cirebon 67
50%
Kochi 142 Coimbatore 88
50%
Barranquilla 426 Cucuta 264
50%
Riyadh 390 Dammam 242
50%
Mogadishu 1192 Dar es Salaam 740
50%
Bareilly 216 Delhi 134
50%
Copenhagen 288 Hamburg 179
50%
Copenhagen 411 Hanover 256
50%
Istanbul 329 Izmir 204
50%
Melbourne, US 270 Jacksonville 168
50%
Bandung 119 Jakarta 74
50%
Abuja 179 Jos 111
50%
Abuja 164 Kaduna 102
50%
Mogadishu 1430 Kampala 888
50%
Abuja 346 Kano 215
50%
Nizhny Novgorod 322 Kazan 200
50%
Yangon 961 Khulna 597
50%
Kananga 778 Kisangani 483
50%
Kochi 150 Kozhikode 93
50%
Ilorin 259 Lagos 161
50%
Cotonou 133 Lome 83
50%
Kochi 204 Madurai 127
50%
Porto 611 Malaga 380
50%
Surakarta 205 Malang 128
50%
Southampton 292 Manchester 181
50%
Barranquilla 342 Maracaibo 213
50%
Barranquilla 531 Medellin 330
50%
Melbourne, US 259 Miami 161
50%
Nizhny Novgorod 402 Moscow 250
50%
Kochi 265 Mysore 165
50%
Southampton 229 Nottingham 142
50%
Melbourne, US 91 Orlando 57
50%
Copenhagen 484 Oslo 300
50%
Peshawar 146 Rawalpindi 91
50%
Nizhny Novgorod 526 Samara 327
50%
Nizhny Novgorod 549 Saratov 341
50%
Surakarta 76 Semarang 47
50%
Surabaya 258 Semarang 160
50%
Bandung 184 Serang 114
50%
Southampton 276 Sheffield 171
50%
Surakarta 215 Surabaya 134
50%
Fuzhou 255 Taipei 158
50%
Melbourne, US 183 Tampa 114
50%
Porto 646 Tangier 401
50%
Kochi 175 Tiruppur 109
50%
Nizhny Novgorod 606 Voronezh 377
50%
Fuzhou 215 Xiamen 134
50%
Xining 700 Xi'an 435
50%
Surakarta 57 Yogyakarta 36
50%
Cologne 182 Antwerp 113
33%
Fukuoka 214 Busan 133
33%
Fukuoka 209 Hiroshima 130
33%
Fukuoka 54 Kitakyushu 34
33%
Cologne 204 Rotterdam 127
33%
Warri 186 Aba 116
0%
Port Harcourt 54 Aba 34
0%
Onitsha 131 Aba 81
0%
Enugu 149 Aba 93
0%
Douala 284 Aba 176
0%
Yaounde 481 Aba 299
0%
Kumasi 305 Abidjan 189
0%
Muscat 441 Abu Dhabi 274
0%
Dubai 128 Abu Dhabi 80
0%
Manama 426 Abu Dhabi 265
0%
Jos 179 Abuja 111
0%
Kaduna 164 Abuja 102
0%
Kano 346 Abuja 215
0%
Ouagadougou 770 Accra 479
0%
Abidjan 420 Accra 261
0%
Kumasi 199 Accra 123
0%
Lome 172 Accra 107
0%
Cotonou 304 Accra 189
0%
Konya 269 Adana 167
0%
Gaziantep 182 Adana 113
0%
Aleppo 184 Adana 114
0%
Sana'a 920 Addis Ababa 572
0%
Khartoum 994 Addis Ababa 618
0%
Brisbane 1600 Adelaide 994
0%
Sydney 1162 Adelaide 722
0%
Perth 2131 Adelaide 1324
0%
Marrakesh 204 Agadir 127
0%
Casablanca 400 Agadir 249
0%
Aligarh 80 Agra 50
0%
Gwalior 107 Agra 66
0%
Kanpur 234 Agra 145
0%
Jaipur 224 Agra 139
0%
Torreon 424 Aguascalientes 263
0%
Saltillo 415 Aguascalientes 258
0%
San Luis Potosi 139 Aguascalientes 87
0%
Guadalajara 173 Aguascalientes 107
0%
Leon 105 Aguascalientes 66
0%
Hyderabad, PK 502 Ahmedabad 312
0%
Jodhpur 366 Ahmedabad 227
0%
Indore 336 Ahmedabad 209
0%
Kuwait City 229 Ahvaz 142
0%
Basra 128 Ahvaz 79
0%
Kermanshah 367 Ahvaz 228
0%
Qom 422 Ahvaz 262
0%
Isfahan 318 Ahvaz 198
0%
Shiraz 412 Ahvaz 256
0%
Adana 184 Aleppo 114
0%
Gaziantep 95 Aleppo 59
0%
Diyarbakir 330 Aleppo 205
0%
Cairo 182 Alexandria 113
0%
Valencia 424 Algiers 264
0%
Oran 351 Algiers 218
0%
Sousse 688 Algiers 427
0%
Meerut 127 Aligarh 79
0%
Delhi 118 Aligarh 73
0%
Moradabad 125 Aligarh 78
0%
Bareilly 141 Aligarh 87
0%
Agra 80 Aligarh 50
0%
Gwalior 187 Aligarh 116
0%
Kanpur 267 Aligarh 166
0%
Jaipur 250 Aligarh 155
0%
Kanpur 195 Allahabad 121
0%
Lucknow 179 Allahabad 111
0%
Varanasi 120 Allahabad 74
0%
Jabalpur 318 Allahabad 197
0%
Kathmandu 429 Allahabad 266
0%
Shymkent 604 Almaty 375
0%
Bishkek 196 Almaty 122
0%
Tashkent 664 Almaty 412
0%
Urumqi 871 Almaty 541
0%
Damascus 175 Amman 109
0%
Beirut 219 Amman 136
0%
Tel Aviv 110 Amman 68
0%
Jerusalem 73 Amman 45
0%
Alexandria 580 Amman 360
0%
Cairo 497 Amman 309
0%
Gujranwala 89 Amritsar 55
0%
Multan 363 Amritsar 225
0%
Srinagar 273 Amritsar 169
0%
Jalandhar 74 Amritsar 46
0%
Ludhiana 121 Amritsar 75
0%
Lille 231 Amsterdam 144
0%
Brussels 174 Amsterdam 108
0%
Antwerp 133 Amsterdam 82
0%
Rotterdam 58 Amsterdam 36
0%
Davao 1053 Angeles 655
0%
Manila 76 Angeles 47
0%
Bursa 326 Ankara 202
0%
Antalya 384 Ankara 238
0%
Konya 227 Ankara 141
0%
Shenyang 85 Anshan 53
0%
Benxi 72 Anshan 45
0%
Panjin 78 Anshan 48
0%
Yingkou 81 Anshan 50
0%
Jinzhou 156 Anshan 97
0%
Pyongyang 329 Anshan 204
0%
Athens 627 Antalya 390
0%
Bursa 394 Antalya 245
0%
Izmir 358 Antalya 223
0%
Konya 192 Antalya 119
0%
Paris 301 Antwerp 187
0%
Lille 114 Antwerp 71
0%
Brussels 41 Antwerp 26
0%
Rotterdam 78 Antwerp 49
0%
Shijiazhuang 217 Anyang 135
0%
Xingtai 108 Anyang 67
0%
Handan 60 Anyang 37
0%
Puyang 69 Anyang 43
0%
Changzhi 115 Anyang 72
0%
Xinxiang 98 Anyang 61
0%
Lima 761 Arequipa 473
0%
La Paz 364 Arequipa 226
0%
Cochabamba 582 Arequipa 362
0%
Santa Cruz 901 Arequipa 560
0%
Patna 282 Asansol 175
0%
Dhanbad 55 Asansol 34
0%
Ranchi 170 Asansol 106
0%
Jamshedpur 128 Asansol 80
0%
Kolkata 192 Asansol 119
0%
Siliguri 367 Asansol 228
0%
Dhaka 353 Asansol 219
0%
Khulna 282 Asansol 175
0%
Mashhad 214 Ashgabat 133
0%
Cochabamba 1245 Asuncion 774
0%
Santa Cruz 1014 Asuncion 630
0%
San Miguel de Tucuman 777 Asuncion 483
0%
Porto Alegre 821 Asuncion 510
0%
Sofia 526 Athens 327
0%
Izmir 301 Athens 187
0%
Jacksonville 460 Atlanta 286
0%
Memphis 542 Atlanta 337
0%
Nashville 346 Atlanta 215
0%
Brisbane 2290 Auckland 1423
0%
Sydney 2156 Auckland 1340
0%
Adelaide 3246 Auckland 2017
0%
Indore 318 Aurangabad 198
0%
Nagpur 416 Aurangabad 258
0%
Nashik 161 Aurangabad 100
0%
Mumbai 282 Aurangabad 175
0%
Pune 217 Aurangabad 135
0%
Solapur 257 Aurangabad 159
0%
San Antonio 118 Austin 73
0%
McAllen 455 Austin 283
0%
Houston 236 Austin 146
0%
New Orleans 739 Austin 459
0%
Basra 446 Baghdad 277
0%
Kirkuk 237 Baghdad 148
0%
Erbil 322 Baghdad 200
0%
Mosul 355 Baghdad 221
0%
Kermanshah 274 Baghdad 171
0%
Tabriz 399 Baku 248
0%
Tehran 540 Baku 336
0%
Tbilisi 447 Baku 278
0%
Ashgabat 784 Baku 487
0%
Nouakchott 1049 Bamako 652
0%
Ouagadougou 702 Bamako 436
0%
Freetown 736 Bamako 457
0%
Palembang 277 Bandar Lampung 172
0%
Serang 125 Bandar Lampung 78
0%
Jakarta 192 Bandar Lampung 119
0%
Karawang 245 Bandar Lampung 152
0%
Bandar Lampung 308 Bandung 191
0%
Serang 184 Bandung 114
0%
Jakarta 119 Bandung 74
0%
Karawang 76 Bandung 47
0%
Cirebon 108 Bandung 67
0%
Vijayawada 514 Bangalore 319
0%
Hubli 372 Bangalore 231
0%
Mysore 125 Bangalore 77
0%
Chennai 285 Bangalore 177
0%
Salem 160 Bangalore 100
0%
Tiruchirappalli 271 Bangalore 168
0%
Ho Chi Minh City 742 Bangkok 461
0%
Phnom Penh 531 Bangkok 330
0%
Chonburi 68 Bangkok 42
0%
Kisangani 849 Bangui 527
0%
Nouakchott 520 Banjul 323
0%
Touba 174 Banjul 108
0%
Conakry 538 Banjul 334
0%
Freetown 663 Banjul 412
0%
Tangshan 249 Baoding 155
0%
Tianjin 152 Baoding 95
0%
Beijing 140 Baoding 87
0%
Zhangjiakou 218 Baoding 136
0%
Datong 230 Baoding 143
0%
Hohhot 385 Baoding 239
0%
Shijiazhuang 124 Baoding 77
0%
Xi'an 158 Baoji 98
0%
Lanzhou 362 Baoji 225
0%
Xining 554 Baoji 345
0%
Yinchuan 467 Baoji 290
0%
Ulaanbaatar 816 Baotou 507
0%
Hohhot 162 Baotou 100
0%
Yinchuan 392 Baotou 243
0%
Valencia 303 Barcelona 188
0%
Toulouse 253 Barcelona 158
0%
Marseille 338 Barcelona 210
0%
Algiers 519 Barcelona 322
0%
Meerut 181 Bareilly 112
0%
Moradabad 83 Bareilly 51
0%
Aligarh 141 Bareilly 87
0%
Agra 189 Bareilly 117
0%
Lucknow 226 Bareilly 140
0%
Santo Domingo 936 Barquisimeto 581
0%
Maracaibo 268 Barquisimeto 166
0%
Valencia, VE 144 Barquisimeto 89
0%
Maracay 191 Barquisimeto 119
0%
Caracas 266 Barquisimeto 165
0%
Port-au-Prince 884 Barranquilla 549
0%
Panama City 564 Barranquilla 350
0%
Cartagena 100 Barranquilla 62
0%
Cucuta 426 Barranquilla 264
0%
Maracaibo 342 Barranquilla 213
0%
Kuwait City 130 Basra 81
0%
Baghdad 446 Basra 277
0%
Ahvaz 128 Basra 79
0%
Qom 545 Basra 338
0%
George Town 632 Batam 392
0%
Kuala Lumpur 343 Batam 213
0%
Singapore 28 Batam 17
0%
Medan 656 Batam 407
0%
Pekanbaru 296 Batam 184
0%
Palembang 465 Batam 289
0%
Tianjin 114 Beijing 71
0%
Zhangjiakou 161 Beijing 100
0%
Baoding 141 Beijing 88
0%
Aleppo 301 Beirut 187
0%
Damascus 85 Beirut 53
0%
Tel Aviv 213 Beirut 132
0%
Jerusalem 236 Beirut 147
0%
Amman 219 Beirut 136
0%
Sao Luis 482 Belem 300
0%
Manaus 1293 Belem 804
0%
Budapest 318 Belgrade 197
0%
Sofia 329 Belgrade 205
0%
Bucharest 448 Belgrade 279
0%
Campinas 464 Belo Horizonte 288
0%
Rio de Janeiro 341 Belo Horizonte 212
0%
Vitoria 381 Belo Horizonte 237
0%
Goiania 667 Belo Horizonte 414
0%
Brasilia 624 Belo Horizonte 388
0%
Suzhou 90 Bengbu 56
0%
Huainan 49 Bengbu 30
0%
Fuyang 147 Bengbu 91
0%
Hefei 123 Bengbu 76
0%
Lu'an 155 Bengbu 96
0%
Pointe-Noire 883 Benguela 549
0%
Luanda 419 Benguela 261
0%
Lagos 248 Benin City 154
0%
Ibadan 224 Benin City 139
0%
Ilorin 267 Benin City 166
0%
Warri 92 Benin City 57
0%
Port Harcourt 232 Benin City 144
0%
Aba 236 Benin City 147
0%
Onitsha 132 Benin City 82
0%
Enugu 205 Benin City 128
0%
Changchun 314 Benxi 195
0%
Jilin 365 Benxi 227
0%
Shenyang 65 Benxi 41
0%
Anshan 72 Benxi 45
0%
Panjin 142 Benxi 89
0%
Yingkou 146 Benxi 90
0%
Pyongyang 303 Benxi 188
0%
Hanover 250 Berlin 155
0%
Bremen 316 Berlin 196
0%
Hamburg 256 Berlin 159
0%
Prague 280 Berlin 174
0%
Warsaw 516 Berlin 321
0%
Katowice 463 Berlin 288
0%
Jabalpur 266 Bhilai 165
0%
Nagpur 238 Bhilai 148
0%
Visakhapatnam 436 Bhilai 271
0%
Kota 269 Bhopal 167
0%
Indore 172 Bhopal 107
0%
Jabalpur 256 Bhopal 159
0%
Nagpur 289 Bhopal 179
0%
Bhilai 467 Bhopal 290
0%
Jamshedpur 280 Bhubaneswar 174
0%
Visakhapatnam 392 Bhubaneswar 243
0%
London 163 Birmingham 101
0%
Sheffield 126 Birmingham 78
0%
Manchester 113 Birmingham 70
0%
Leeds 126 Birmingham 78
0%
Nur-Sultan 954 Bishkek 593
0%
Almaty 196 Bishkek 122
0%
Shymkent 409 Bishkek 254
0%
Tashkent 468 Bishkek 291
0%
Urumqi 1059 Bishkek 658
0%
Cucuta 404 Bogota 251
0%
Bucaramanga 300 Bogota 186
0%
Medellin 247 Bogota 154
0%
Cali 300 Bogota 187
0%
Quito 729 Bogota 453
0%
Guayaquil 995 Bogota 618
0%
Manaus 1781 Bogota 1106
0%
Barcelona 443 Bordeaux 275
0%
Toulouse 211 Bordeaux 131
0%
Montreal 403 Boston 251
0%
Hartford 149 Boston 92
0%
Goiania 174 Brasilia 108
0%
Pointe-Noire 385 Brazzaville 239
0%
Luanda 553 Brazzaville 344
0%
Benguela 947 Brazzaville 588
0%
Hanover 100 Bremen 62
0%
Hamburg 95 Bremen 59
0%
Copenhagen 378 Bremen 235
0%
Oslo 770 Bremen 478
0%
Sydney 733 Brisbane 455
0%
Adelaide 1600 Brisbane 994
0%
Paris 264 Brussels 164
0%
Lille 94 Brussels 58
0%
Antwerp 41 Brussels 26
0%
Rotterdam 120 Brussels 75
0%
Panama City 735 Bucaramanga 456
0%
Cartagena 452 Bucaramanga 281
0%
Cucuta 109 Bucaramanga 68
0%
Medellin 300 Bucaramanga 186
0%
Bogota 300 Bucaramanga 187
0%
Cali 555 Bucaramanga 345
0%
Quito 1012 Bucaramanga 629
0%
Belgrade 448 Bucharest 279
0%
Sofia 296 Bucharest 184
0%
Odessa 425 Bucharest 264
0%
Vienna 214 Budapest 133
0%
Belgrade 318 Budapest 197
0%
Warsaw 545 Budapest 339
0%
Katowice 307 Budapest 191
0%
Rosario 281 Buenos Aires 175
0%
Montevideo 203 Buenos Aires 126
0%
Montreal 515 Buffalo 320
0%
Pittsburgh 287 Buffalo 179
0%
Cleveland 278 Buffalo 173
0%
Detroit 347 Buffalo 215
0%
Athens 521 Bursa 324
0%
Sofia 553 Bursa 344
0%
Bucharest 531 Bursa 330
0%
Istanbul 92 Bursa 57
0%
Izmir 257 Bursa 160
0%
Antalya 394 Bursa 245
0%
Ankara 326 Bursa 202
0%
Gwangju 201 Busan 125
0%
Daegu 86 Busan 54
0%
Changwon 41 Busan 25
0%
Ulsan 47 Busan 29
0%
Kumamoto 303 Busan 188
0%
Kitakyushu 219 Busan 136
0%
Alexandria 182 Cairo 113
0%
Edmonton 280 Calgary 174
0%
Vancouver 676 Calgary 420
0%
Seattle 711 Calgary 442
0%
Portland 676 Calgary 420
0%
Medellin 328 Cali 204
0%
Bogota 300 Cali 187
0%
Quito 464 Cali 288
0%
Guayaquil 730 Cali 453
0%
Manaus 1973 Cali 1226
0%
Florianopolis 542 Campinas 337
0%
Curitiba 359 Campinas 223
0%
Santos 139 Campinas 86
0%
Sao Paulo 83 Campinas 52
0%
Rio de Janeiro 398 Campinas 247
0%
Belo Horizonte 464 Campinas 288
0%
Vitoria 755 Campinas 469
0%
Goiania 729 Campinas 453
0%
Brasilia 798 Campinas 496
0%
Taizhou 160 Cangnan 99
0%
Wenzhou 60 Cangnan 37
0%
Fuzhou 196 Cangnan 122
0%
Putian 269 Cangnan 167
0%
Naha 733 Cangnan 456
0%
Miami 200 Cape Coral 124
0%
Tampa 154 Cape Coral 96
0%
Orlando 220 Cape Coral 136
0%
Jacksonville 412 Cape Coral 256
0%
Havana 391 Cape Coral 243
0%
Durban 1272 Cape Town 790
0%
Port Elizabeth 664 Cape Town 413
0%
Santo Domingo 942 Caracas 586
0%
Barquisimeto 266 Caracas 165
0%
Maracay 79 Caracas 49
0%
Port-au-Prince 966 Cartagena 601
0%
Panama City 467 Cartagena 290
0%
Bucaramanga 452 Cartagena 281
0%
Medellin 464 Cartagena 288
0%
Bogota 667 Cartagena 414
0%
Maracaibo 423 Cartagena 263
0%
Agadir 400 Casablanca 249
0%
Fes 250 Casablanca 155
0%
Davao 407 Cebu 253
0%
Manila 572 Cebu 356
0%
Angeles 648 Cebu 403
0%
Jalandhar 132 Chandigarh 82
0%
Ludhiana 91 Chandigarh 57
0%
Saharanpur 113 Chandigarh 70
0%
Daqing 304 Changchun 189
0%
Harbin 234 Changchun 145
0%
Jilin 97 Changchun 60
0%
Hengyang 253 Changde 157
0%
Changsha 150 Changde 93
0%
Yueyang 143 Changde 89
0%
Jingzhou 154 Changde 96
0%
Yichang 189 Changde 117
0%
Hengyang 153 Changsha 95
0%
Pingxiang 113 Changsha 70
0%
Zhuzhou 49 Changsha 30
0%
Xiangtan 44 Changsha 28
0%
Nanchang 289 Changsha 180
0%
Yueyang 127 Changsha 79
0%
Changde 150 Changsha 93
0%
Jiangyin 54 Changshu 34
0%
Nantong 39 Changshu 24
0%
Shanghai 84 Changshu 52
0%
Jiaxing 100 Changshu 62
0%
Hangzhou 163 Changshu 102
0%
Cheongju 190 Changwon 118
0%
Daejeon 170 Changwon 105
0%
Gwangju 161 Changwon 100
0%
Daegu 73 Changwon 46
0%
Busan 41 Changwon 25
0%
Ulsan 72 Changwon 45
0%
Fukuoka 241 Changwon 150
0%
Kumamoto 327 Changwon 203
0%
Taiyuan 192 Changzhi 119
0%
Xingtai 157 Changzhi 98
0%
Handan 136 Changzhi 84
0%
Anyang 115 Changzhi 72
0%
Jiaozuo 111 Changzhi 69
0%
Greensboro 134 Charlotte 83
0%
Raleigh 209 Charlotte 130
0%
Ufa 346 Chelyabinsk 215
0%
Perm 448 Chelyabinsk 278
0%
Yekaterinburg 193 Chelyabinsk 120
0%
Novosibirsk 1364 Chelyabinsk 847
0%
Nur-Sultan 801 Chelyabinsk 498
0%
Nanchong 198 Chengdu 123
0%
Mianyang 115 Chengdu 72
0%
Zigong 153 Chengdu 95
0%
Vijayawada 385 Chennai 239
0%
Pyongyang 309 Cheongju 192
0%
Seoul 112 Cheongju 70
0%
Daejeon 33 Cheongju 21
0%
Gwangju 174 Cheongju 108
0%
Daegu 130 Cheongju 81
0%
Indianapolis 266 Chicago 165
0%
Milwaukee 131 Chicago 81
0%
Minneapolis 570 Chicago 354
0%
Kansas City 664 Chicago 412
0%
Tangshan 296 Chifeng 184
0%
El Paso 349 Chihuahua 217
0%
Juarez 346 Chihuahua 215
0%
Torreon 431 Chihuahua 268
0%
Guwahati 424 Chittagong 263
0%
Dhaka 211 Chittagong 131
0%
Khulna 240 Chittagong 149
0%
Mandalay 444 Chittagong 276
0%
Ho Chi Minh City 675 Chonburi 419
0%
Phnom Penh 466 Chonburi 289
0%
Bangkok 68 Chonburi 42
0%
Wanzhou 222 Chongqing 138
0%
Nanchong 148 Chongqing 92
0%
Mianyang 277 Chongqing 172
0%
Hechuan 50 Chongqing 31
0%
Jiangjin 44 Chongqing 27
0%
Luzhou 132 Chongqing 82
0%
Zunyi 208 Chongqing 129
0%
Guiyang 325 Chongqing 202
0%
Nashville 383 Cincinnati 238
0%
Louisville 143 Cincinnati 89
0%
Detroit 380 Cincinnati 236
0%
Indianapolis 159 Cincinnati 99
0%
Milwaukee 522 Cincinnati 324
0%
Serang 277 Cirebon 172
0%
Jakarta 204 Cirebon 127
0%
Karawang 151 Cirebon 94
0%
Semarang 205 Cirebon 128
0%
Surakarta 263 Cirebon 163
0%
Yogyakarta 230 Cirebon 143
0%
Shanghai 120 Cixi 75
0%
Jiaxing 80 Cixi 50
0%
Hangzhou 106 Cixi 66
0%
Ningbo 44 Cixi 27
0%
Yiwu 149 Cixi 92
0%
Taizhou 169 Cixi 105
0%
Wenzhou 248 Cixi 154
0%
Pittsburgh 185 Cleveland 115
0%
Buffalo 278 Cleveland 173
0%
Cincinnati 359 Cleveland 223
0%
Detroit 145 Cleveland 90
0%
Lima 1307 Cochabamba 812
0%
Arequipa 582 Cochabamba 362
0%
La Paz 231 Cochabamba 144
0%
Santa Cruz 320 Cochabamba 199
0%
Bangalore 228 Coimbatore 142
0%
Mysore 148 Coimbatore 92
0%
Salem 148 Coimbatore 92
0%
Tiruppur 42 Coimbatore 26
0%
Kozhikode 130 Coimbatore 81
0%
Tiruchirappalli 189 Coimbatore 118
0%
Madurai 174 Coimbatore 108
0%
Colombo 554 Coimbatore 344
0%
Brussels 183 Cologne 114
0%
Antwerp 182 Cologne 113
0%
Rotterdam 204 Cologne 127
0%
Amsterdam 214 Cologne 133
0%
Frankfurt 153 Cologne 95
0%
Mannheim 195 Cologne 121
0%
Hanover 249 Cologne 155
0%
Hamburg 356 Cologne 221
0%
Pittsburgh 260 Columbus 162
0%
Cleveland 204 Columbus 127
0%
Cincinnati 161 Columbus 100
0%
Louisville 304 Columbus 189
0%
Detroit 264 Columbus 164
0%
Indianapolis 271 Columbus 168
0%
Nouakchott 985 Conakry 612
0%
Touba 640 Conakry 398
0%
Banjul 538 Conakry 334
0%
Bamako 716 Conakry 445
0%
Freetown 127 Conakry 79
0%
Hamburg 288 Copenhagen 179
0%
Berlin 355 Copenhagen 220
0%
Stockholm 522 Copenhagen 325
0%
Helsinki 883 Copenhagen 549
0%
Asuncion 933 Cordoba 580
0%
San Miguel de Tucuman 519 Cordoba 322
0%
Rosario 371 Cordoba 231
0%
Santiago 650 Cordoba 404
0%
Valparaiso 724 Cordoba 450
0%
Buenos Aires 647 Cordoba 402
0%
Montevideo 839 Cordoba 521
0%
Abidjan 719 Cotonou 447
0%
Kumasi 446 Cotonou 277
0%
Accra 304 Cotonou 189
0%
Lome 133 Cotonou 83
0%
Lagos 109 Cotonou 68
0%
Ibadan 197 Cotonou 122
0%
Ilorin 333 Cotonou 207
0%
Cartagena 437 Cucuta 272
0%
Bucaramanga 109 Cucuta 68
0%
Medellin 404 Cucuta 251
0%
Bogota 404 Cucuta 251
0%
Cali 664 Cucuta 413
0%
Maracaibo 325 Cucuta 202
0%
Barquisimeto 426 Cucuta 264
0%
Valencia, VE 554 Cucuta 345
0%
Maracay 598 Cucuta 372
0%
Caracas 677 Cucuta 421
0%
Toluca 60 Cuernavaca 38
0%
Queretaro 222 Cuernavaca 138
0%
Mexico City 58 Cuernavaca 36
0%
Puebla 110 Cuernavaca 68
0%
Asuncion 840 Curitiba 522
0%
Porto Alegre 546 Curitiba 340
0%
Florianopolis 252 Curitiba 156
0%
Santos 340 Curitiba 211
0%
Sao Paulo 339 Curitiba 211
0%
Campinas 359 Curitiba 223
0%
Seoul 237 Daegu 147
0%
Daejeon 120 Daegu 74
0%
Gwangju 174 Daegu 108
0%
Changwon 73 Daegu 46
0%
Busan 86 Daegu 54
0%
Ulsan 70 Daegu 44
0%
Pyongyang 332 Daejeon 207
0%
Seoul 139 Daejeon 87
0%
Cheongju 33 Daejeon 21
0%
Gwangju 141 Daejeon 88
0%
Daegu 120 Daejeon 74
0%
Changwon 170 Daejeon 105
0%
Busan 199 Daejeon 123
0%
Ulsan 190 Daejeon 118
0%
Nouakchott 408 Dakar 254
0%
Touba 168 Dakar 105
0%
Banjul 167 Dakar 104
0%
Conakry 705 Dakar 438
0%
Qinhuangdao 207 Dalian 129
0%
Yantai 162 Dalian 101
0%
Weihai 162 Dalian 101
0%
San Antonio 406 Dallas 253
0%
Houston 362 Dallas 225
0%
New Orleans 711 Dallas 442
0%
Aleppo 314 Damascus 195
0%
Beirut 85 Damascus 53
0%
Tel Aviv 212 Damascus 132
0%
Jerusalem 217 Damascus 135
0%
Amman 175 Damascus 109
0%
Dubai 536 Dammam 333
0%
Abu Dhabi 480 Dammam 298
0%
Manama 53 Dammam 33
0%
Kuwait City 387 Dammam 240
0%
Shiraz 425 Dammam 264
0%
Ho Chi Minh City 606 Da Nang 376
0%
Phnom Penh 613 Da Nang 381
0%
Bangkok 869 Da Nang 540
0%
Chonburi 835 Da Nang 519
0%
Harbin 157 Daqing 97
0%
Changchun 304 Daqing 189
0%
Jilin 328 Daqing 204
0%
Kampala 1088 Dar es Salaam 676
0%
Nairobi 673 Dar es Salaam 418
0%
Mombasa 310 Dar es Salaam 193
0%
Lilongwe 1001 Dar es Salaam 622
0%
Antananarivo 1617 Dar es Salaam 1005
0%
Ulaanbaatar 976 Datong 607
0%
Zhangjiakou 155 Datong 97
0%
Hohhot 156 Datong 97
0%
Baotou 300 Datong 186
0%
Taiyuan 255 Datong 158
0%
Manila 977 Davao 607
0%
Saharanpur 151 Delhi 94
0%
Meerut 61 Delhi 38
0%
Moradabad 152 Delhi 95
0%
Aligarh 118 Delhi 73
0%
Jaipur 236 Delhi 147
0%
Malang 296 Denpasar 184
0%
Surabaya 316 Denpasar 196
0%
Makassar 607 Denpasar 377
0%
Perth 2589 Denpasar 1609
0%
Buffalo 347 Detroit 215
0%
Cleveland 145 Detroit 90
0%
Milwaukee 405 Detroit 252
0%
Kolkata 245 Dhaka 152
0%
Guwahati 304 Dhaka 189
0%
Khulna 130 Dhaka 81
0%
Chittagong 211 Dhaka 131
0%
Mandalay 617 Dhaka 383
0%
Patna 241 Dhanbad 150
0%
Asansol 55 Dhanbad 34
0%
Ranchi 122 Dhanbad 76
0%
Jamshedpur 116 Dhanbad 72
0%
Kolkata 241 Dhanbad 150
0%
Siliguri 382 Dhanbad 237
0%
Bhubaneswar 396 Dhanbad 246
0%
Khulna 337 Dhanbad 209
0%
Gaziantep 269 Diyarbakir 167
0%
Mosul 312 Diyarbakir 194
0%
Yerevan 447 Diyarbakir 277
0%
Tbilisi 574 Diyarbakir 356
0%
Odessa 392 Dnipro 243
0%
Donetsk 213 Dnipro 132
0%
Kharkiv 192 Dnipro 119
0%
Kiev 390 Dnipro 242
0%
Voronezh 464 Dnipro 288
0%
Rostov 379 Dnipro 235
0%
Dammam 192 Doha 120
0%
Muscat 739 Doha 459
0%
Dubai 379 Doha 235
0%
Abu Dhabi 299 Doha 186
0%
Manama 142 Doha 88
0%
Dnipro 213 Donetsk 132
0%
Kharkiv 248 Donetsk 154
0%
Kiev 592 Donetsk 368
0%
Voronezh 422 Donetsk 262
0%
Rostov 169 Donetsk 105
0%
Yaounde 203 Douala 126
0%
Bangui 986 Douala 612
0%
Muscat 381 Dubai 237
0%
Abu Dhabi 128 Dubai 80
0%
Glasgow 309 Dublin 192
0%
Antananarivo 2068 Durban 1285
0%
Maputo 458 Durban 284
0%
Johannesburg 501 Durban 311
0%
Port Elizabeth 684 Durban 425
0%
Cape Town 1272 Durban 790
0%
Mashhad 848 Dushanbe 527
0%
Almaty 862 Dushanbe 536
0%
Shymkent 426 Dushanbe 265
0%
Bishkek 684 Dushanbe 425
0%
Tashkent 310 Dushanbe 193
0%
Kabul 450 Dushanbe 280
0%
Calgary 280 Edmonton 174
0%
Vancouver 820 Edmonton 510
0%
Seattle 908 Edmonton 564
0%
Denver 897 El Paso 558
0%
Phoenix 555 El Paso 345
0%
Tucson 425 El Paso 264
0%
Juarez 3 El Paso 2
0%
Chihuahua 349 El Paso 217
0%
Benin City 205 Enugu 128
0%
Warri 219 Enugu 136
0%
Port Harcourt 193 Enugu 120
0%
Aba 149 Enugu 93
0%
Onitsha 82 Enugu 51
0%
Jos 415 Enugu 258
0%
Yaounde 531 Enugu 330
0%
Diyarbakir 387 Erbil 240
0%
Baghdad 322 Erbil 200
0%
Kirkuk 89 Erbil 55
0%
Mosul 79 Erbil 49
0%
Kermanshah 348 Erbil 216
0%
Tabriz 291 Erbil 181
0%
Yerevan 445 Erbil 276
0%
Peshawar 324 Faisalabad 201
0%
Rawalpindi 244 Faisalabad 151
0%
Gujranwala 131 Faisalabad 82
0%
Lahore 119 Faisalabad 74
0%
Multan 208 Faisalabad 129
0%
Quetta 596 Faisalabad 370
0%
Amritsar 169 Faisalabad 105
0%
Seville 381 Fes 237
0%
Agadir 595 Fes 370
0%
Casablanca 250 Fes 155
0%
Oran 435 Fes 270
0%
Milan 250 Florence 155
0%
Rome 232 Florence 144
0%
Naples 408 Florence 254
0%
Montevideo 1089 Florianopolis 677
0%
Porto Alegre 376 Florianopolis 233
0%
Curitiba 252 Florianopolis 156
0%
Santos 462 Florianopolis 287
0%
Sao Paulo 489 Florianopolis 304
0%
Maceio 730 Fortaleza 454
0%
Recife 630 Fortaleza 392
0%
Joao Pessoa 556 Fortaleza 345
0%
Teresina 496 Fortaleza 308
0%
Sao Luis 653 Fortaleza 405
0%
Belem 1135 Fortaleza 705
0%
Mannheim 71 Frankfurt 44
0%
Nuremberg 187 Frankfurt 116
0%
Hanover 262 Frankfurt 163
0%
Touba 766 Freetown 476
0%
Banjul 663 Freetown 412
0%
Bamako 736 Freetown 457
0%
Conakry 127 Freetown 79
0%
Kumamoto 92 Fukuoka 57
0%
Kitakyushu 54 Fukuoka 34
0%
Hiroshima 209 Fukuoka 130
0%
Okayama 345 Fukuoka 214
0%
Huainan 115 Fuyang 71
0%
Lu'an 144 Fuyang 90
0%
Cangnan 196 Fuzhou 122
0%
Putian 75 Fuzhou 47
0%
Xiamen 215 Fuzhou 134
0%
Taipei 248 Fuzhou 154
0%
Taichung 252 Fuzhou 157
0%
Damascus 293 Gaza 182
0%
Beirut 295 Gaza 183
0%
Tel Aviv 83 Gaza 51
0%
Jerusalem 87 Gaza 54
0%
Amman 159 Gaza 99
0%
Alexandria 428 Gaza 266
0%
Cairo 338 Gaza 210
0%
Adana 182 Gaziantep 113
0%
Diyarbakir 269 Gaziantep 167
0%
Aleppo 95 Gaziantep 59
0%
Ho Chi Minh City 918 George Town 571
0%
Phnom Penh 849 George Town 527
0%
Kuala Lumpur 296 George Town 184
0%
Batam 632 George Town 392
0%
Singapore 604 George Town 375
0%
Medan 272 George Town 169
0%
Newcastle 194 Glasgow 120
0%
Brasilia 174 Goiania 108
0%
Atlanta 492 Greensboro 306
0%
Charlotte 134 Greensboro 83
0%
Raleigh 109 Greensboro 68
0%
Richmond 266 Greensboro 165
0%
Virginia Beach 352 Greensboro 219
0%
San Luis Potosi 295 Guadalajara 184
0%
Aguascalientes 173 Guadalajara 107
0%
Leon 180 Guadalajara 112
0%
Shantou 350 Guangzhou 218
0%
Zhuhai 101 Guangzhou 62
0%
Qingyuan 64 Guangzhou 40
0%
Maoming 291 Guangzhou 181
0%
Merida 726 Guatemala City 451
0%
San Pedro Sula 313 Guatemala City 195
0%
Tegucigalpa 386 Guatemala City 240
0%
Managua 555 Guatemala City 345
0%
San Jose 891 Guatemala City 554
0%
Quito 267 Guayaquil 166
0%
Lima 1150 Guayaquil 714
0%
Nanning 336 Guilin 209
0%
Liuzhou 138 Guilin 86
0%
Guilin 396 Guiyang 246
0%
Zunyi 123 Guiyang 77
0%
Kunming 427 Guiyang 266
0%
Peshawar 321 Gujranwala 199
0%
Rawalpindi 192 Gujranwala 120
0%
Multan 339 Gujranwala 211
0%
Srinagar 220 Gujranwala 137
0%
Amritsar 89 Gujranwala 55
0%
Jalandhar 161 Gujranwala 100
0%
Siliguri 341 Guwahati 212
0%
Dhaka 304 Guwahati 189
0%
Chittagong 424 Guwahati 263
0%
Mandalay 643 Guwahati 399
0%
Agra 107 Gwalior 66
0%
Kanpur 211 Gwalior 131
0%
Lucknow 284 Gwalior 176
0%
Jaipur 250 Gwalior 155
0%
Kota 260 Gwalior 161
0%
Bhopal 338 Gwalior 210
0%
Seoul 266 Gwangju 166
0%
Cheongju 174 Gwangju 108
0%
Daejeon 141 Gwangju 88
0%
Changwon 161 Gwangju 100
0%
Busan 201 Gwangju 125
0%
Ulsan 224 Gwangju 139
0%
Maoming 195 Haikou 121
0%
Zhanjiang 137 Haikou 85
0%
Hanoi 468 Haikou 291
0%
Da Nang 491 Haikou 305
0%
Osaka 204 Hamamatsu 127
0%
Nagoya 91 Hamamatsu 57
0%
Shizuoka 67 Hamamatsu 42
0%
Tokyo 215 Hamamatsu 133
0%
Sendai 485 Hamamatsu 301
0%
Sapporo 980 Hamamatsu 609
0%
Hanover 133 Hamburg 82
0%
Shijiazhuang 158 Handan 98
0%
Taiyuan 224 Handan 139
0%
Xingtai 49 Handan 31
0%
Anyang 60 Handan 37
0%
Puyang 105 Handan 65
0%
Changzhi 136 Handan 84
0%
Jiaxing 79 Hangzhou 49
0%
Cixi 106 Hangzhou 66
0%
Yiwu 107 Hangzhou 67
0%
Haikou 467 Hanoi 291
0%
Nanning 328 Hanoi 204
0%
Kunming 528 Hanoi 328
0%
Da Nang 607 Hanoi 377
0%
Frankfurt 262 Hanover 163
0%
Hamburg 133 Hanover 82
0%
Berlin 250 Hanover 155
0%
Lubumbashi 790 Harare 491
0%
Lusaka 398 Harare 247
0%
Lilongwe 515 Harare 320
0%
Antananarivo 1748 Harare 1086
0%
Maputo 919 Harare 571
0%
Johannesburg 981 Harare 610
0%
Durban 1338 Harare 831
0%
Port Elizabeth 1873 Harare 1164
0%
Cape Town 2187 Harare 1359
0%
Daqing 157 Harbin 97
0%
Changchun 234 Harbin 145
0%
Jilin 211 Harbin 131
0%
Richmond 306 Harrisburg 190
0%
Philadelphia 150 Harrisburg 93
0%
Pittsburgh 265 Harrisburg 164
0%
New York 248 Harrisburg 154
0%
Hartford 391 Harrisburg 243
0%
Buffalo 336 Harrisburg 209
0%
Ottawa 473 Hartford 294
0%
Montreal 422 Hartford 262
0%
Philadelphia 291 Hartford 181
0%
Boston 149 Hartford 92
0%
Merida 787 Havana 489
0%
Wanzhou 222 Hechuan 138
0%
Nanchong 100 Hechuan 62
0%
Mianyang 227 Hechuan 141
0%
Chengdu 223 Hechuan 139
0%
Chongqing 50 Hechuan 31
0%
Jiangjin 75 Hechuan 47
0%
Luzhou 145 Hechuan 90
0%
Zigong 161 Hechuan 100
0%
Yibin 208 Hechuan 129
0%
Bengbu 123 Hefei 76
0%
Huainan 92 Hefei 57
0%
Wuhu 127 Hefei 79
0%
Ma'anshan 124 Hefei 77
0%
Minsk 715 Helsinki 444
0%
Stockholm 396 Helsinki 246
0%
Saint Petersburg 299 Helsinki 186
0%
Guilin 290 Hengyang 181
0%
Ganzhou 263 Hengyang 164
0%
Pingxiang 151 Hengyang 94
0%
Zhuzhou 118 Hengyang 73
0%
Xiangtan 111 Hengyang 69
0%
Kumamoto 239 Hiroshima 149
0%
Kitakyushu 156 Hiroshima 97
0%
Okayama 138 Hiroshima 86
0%
Osaka 281 Hiroshima 175
0%
Da Nang 606 Ho Chi Minh City 376
0%
Phnom Penh 203 Ho Chi Minh City 126
0%
Bangkok 742 Ho Chi Minh City 461
0%
Chonburi 675 Ho Chi Minh City 419
0%
Ulaanbaatar 844 Hohhot 524
0%
Zhangjiakou 264 Hohhot 164
0%
Datong 156 Hohhot 97
0%
Baotou 162 Hohhot 100
0%
Shantou 282 Hong Kong 175
0%
Zhuhai 61 Hong Kong 38
0%
Guangzhou 129 Hong Kong 80
0%
Qingyuan 190 Hong Kong 118
0%
San Antonio 304 Houston 189
0%
McAllen 486 Houston 302
0%
Austin 236 Houston 146
0%
New Orleans 511 Houston 318
0%
Lianyungang 117 Huai'an 72
0%
Shuyang 69 Huai'an 43
0%
Suqian 90 Huai'an 56
0%
Yancheng 100 Huai'an 62
0%
Zaozhuang 107 Huaibei 66
0%
Xuzhou 53 Huaibei 33
0%
Suzhou 37 Huaibei 23
0%
Shangqiu 117 Huaibei 73
0%
Bengbu 128 Huaibei 79
0%
Fuyang 149 Huaibei 93
0%
Suzhou 114 Huainan 71
0%
Bengbu 49 Huainan 30
0%
Fuyang 115 Huainan 71
0%
Hefei 92 Huainan 57
0%
Lu'an 109 Huainan 68
0%
Solapur 269 Hubli 167
0%
Hyderabad, IN 420 Hubli 261
0%
Shantou 233 Huizhou 145
0%
Hong Kong 91 Huizhou 57
0%
Zhuhai 127 Huizhou 79
0%
Guangzhou 118 Huizhou 73
0%
Qingyuan 152 Huizhou 95
0%
Quetta 554 Hyderabad 344
0%
Jodhpur 476 Hyderabad 296
0%
Solapur 274 Hyderabad 171
0%
Vijayawada 251 Hyderabad 156
0%
Visakhapatnam 512 Hyderabad 318
0%
Hubli 420 Hyderabad 261
0%
Niamey 711 Ibadan 442
0%
Lome 323 Ibadan 201
0%
Cotonou 197 Ibadan 122
0%
Lagos 114 Ibadan 71
0%
Ilorin 145 Ibadan 90
0%
Benin City 224 Ibadan 139
0%
Niamey 618 Ilorin 384
0%
Cotonou 333 Ilorin 207
0%
Lagos 259 Ilorin 161
0%
Ibadan 145 Ilorin 90
0%
Abuja 332 Ilorin 206
0%
Kaduna 391 Ilorin 243
0%
Zaria 451 Ilorin 280
0%
Nashville 404 Indianapolis 251
0%
Cincinnati 159 Indianapolis 99
0%
Louisville 172 Indianapolis 107
0%
Milwaukee 392 Indianapolis 244
0%
Minneapolis 822 Indianapolis 511
0%
Kota 275 Indore 171
0%
Bhopal 172 Indore 107
0%
Nagpur 375 Indore 233
0%
Ahmedabad 336 Indore 209
0%
Basra 442 Isfahan 275
0%
Ahvaz 318 Isfahan 198
0%
Tehran 337 Isfahan 209
0%
Qom 233 Isfahan 145
0%
Shiraz 349 Isfahan 217
0%
Mashhad 829 Isfahan 515
0%
Ashgabat 845 Isfahan 525
0%
Sofia 504 Istanbul 313
0%
Bucharest 447 Istanbul 278
0%
Bursa 92 Istanbul 57
0%
Izmir 329 Istanbul 204
0%
Ankara 352 Istanbul 218
0%
Bursa 257 Izmir 160
0%
Antalya 358 Izmir 223
0%
Allahabad 318 Jabalpur 197
0%
Bhopal 256 Jabalpur 159
0%
Nagpur 240 Jabalpur 149
0%
Bhilai 266 Jabalpur 165
0%
Tampa 276 Jacksonville 171
0%
Orlando 201 Jacksonville 125
0%
Gwalior 250 Jaipur 155
0%
Jodhpur 285 Jaipur 177
0%
Kota 192 Jaipur 120
0%
Palembang 422 Jakarta 262
0%
Bandar Lampung 192 Jakarta 119
0%
Serang 75 Jakarta 46
0%
Karawang 53 Jakarta 33
0%
Cirebon 204 Jakarta 127
0%
Gujranwala 161 Jalandhar 100
0%
Lahore 119 Jalandhar 74
0%
Faisalabad 234 Jalandhar 146
0%
Amritsar 74 Jalandhar 46
0%
Ludhiana 53 Jalandhar 33
0%
Dhanbad 116 Jamshedpur 72
0%
Asansol 128 Jamshedpur 80
0%
Ranchi 112 Jamshedpur 69
0%
Kolkata 224 Jamshedpur 139
0%
Bhubaneswar 280 Jamshedpur 174
0%
Mecca 67 Jeddah 41
0%
Sana'a 863 Jeddah 536
0%
Khartoum 959 Jeddah 596
0%
Damascus 217 Jerusalem 135
0%
Beirut 236 Jerusalem 147
0%
Tel Aviv 51 Jerusalem 32
0%
Amman 73 Jerusalem 45
0%
Alexandria 508 Jerusalem 315
0%
Cairo 425 Jerusalem 264
0%
Wanzhou 264 Jiangjin 164
0%
Nanchong 174 Jiangjin 108
0%
Hechuan 75 Jiangjin 47
0%
Chongqing 44 Jiangjin 27
0%
Luzhou 92 Jiangjin 57
0%
Zigong 144 Jiangjin 90
0%
Yibin 168 Jiangjin 104
0%
Zunyi 184 Jiangjin 114
0%
Guiyang 294 Jiangjin 183
0%
Yancheng 159 Jiangyin 99
0%
Nanjing 140 Jiangyin 87
0%
Zhenjiang 85 Jiangyin 53
0%
Yangzhou 96 Jiangyin 53
0%
Nantong 60 Jiangyin 37
0%
Changshu 54 Jiangyin 34
0%
Shanghai 136 Jiangyin 84
0%
Changzhi 112 Jiaozuo 70
0%
Xinxiang 63 Jiaozuo 39
0%
Zhengzhou 63 Jiaozuo 39
0%
Kaifeng 108 Jiaozuo 67
0%
Luoyang 98 Jiaozuo 61
0%
Pingdingshan 161 Jiaozuo 100
0%
Nanyang 256 Jiaozuo 159
0%
Nantong 137 Jiaxing 85
0%
Changshu 100 Jiaxing 62
0%
Shanghai 86 Jiaxing 54
0%
Hangzhou 79 Jiaxing 49
0%
Cixi 80 Jiaxing 50
0%
Qiqihar 437 Jilin 271
0%
Daqing 328 Jilin 204
0%
Harbin 211 Jilin 131
0%
Changchun 97 Jilin 60
0%
Weifang 183 Jinan 114
0%
Zibo 85 Jinan 53
0%
Tai'an 50 Jinan 31
0%
Jining 146 Jinan 90
0%
Xiangyang 186 Jingzhou 115
0%
Yueyang 139 Jingzhou 86
0%
Changde 154 Jingzhou 96
0%
Yichang 99 Jingzhou 62
0%
Wuhan 200 Jingzhou 125
0%
Puyang 146 Jining 90
0%
Zibo 204 Jining 126
0%
Jinan 146 Jining 91
0%
Tai'an 98 Jining 61
0%
Tengzhou 64 Jining 40
0%
Zaozhuang 95 Jining 59
0%
Shangqiu 140 Jining 87
0%
Shenyang 208 Jinzhou 129
0%
Benxi 222 Jinzhou 138
0%
Anshan 156 Jinzhou 97
0%
Panjin 79 Jinzhou 49
0%
Yingkou 104 Jinzhou 64
0%
Dalian 246 Jinzhou 153
0%
Chifeng 227 Jinzhou 141
0%
Qinhuangdao 182 Jinzhou 113
0%
Salvador 763 Joao Pessoa 474
0%
Maceio 299 Joao Pessoa 186
0%
Recife 105 Joao Pessoa 65
0%
Natal 152 Joao Pessoa 94
0%
Fortaleza 556 Joao Pessoa 345
0%
Teresina 906 Joao Pessoa 563
0%
Sao Luis 1163 Joao Pessoa 723
0%
Hyderabad, PK 476 Jodhpur 296
0%
Karachi 625 Jodhpur 388
0%
Kota 308 Jodhpur 192
0%
Lusaka 1199 Johannesburg 745
0%
Harare 981 Johannesburg 610
0%
Maputo 453 Johannesburg 281
0%
Durban 501 Johannesburg 311
0%
Port Elizabeth 894 Johannesburg 555
0%
Cape Town 1262 Johannesburg 784
0%
Kaduna 174 Jos 108
0%
Zaria 185 Jos 115
0%
Kano 235 Jos 146
0%
Maiduguri 511 Jos 318
0%
N'Djamena 717 Jos 446
0%
Denver 901 Juarez 560
0%
Tucson 426 Juarez 264
0%
El Paso 3 Juarez 2
0%
Chihuahua 346 Juarez 215
0%
Shymkent 869 Kabul 540
0%
Tashkent 756 Kabul 470
0%
Dushanbe 450 Kabul 280
0%
Quetta 519 Kabul 323
0%
Niamey 666 Kaduna 414
0%
Jos 174 Kaduna 108
0%
Zaria 68 Kaduna 42
0%
Kano 203 Kaduna 126
0%
Maiduguri 640 Kaduna 398
0%
N'Djamena 851 Kaduna 529
0%
Puyang 126 Kaifeng 78
0%
Xinxiang 66 Kaifeng 41
0%
Zhengzhou 62 Kaifeng 39
0%
Luoyang 171 Kaifeng 106
0%
Pingdingshan 154 Kaifeng 95
0%
Shangqiu 131 Kaifeng 81
0%
Addis Ababa 1186 Kampala 737
0%
Nairobi 504 Kampala 313
0%
Mombasa 928 Kampala 576
0%
Dar es Salaam 1088 Kampala 676
0%
Kisangani 822 Kampala 511
0%
Kigali 956 Kananga 594
0%
Kisangani 778 Kananga 483
0%
Mbuji-Mayi 134 Kananga 83
0%
Lubumbashi 846 Kananga 526
0%
Kinshasa 805 Kananga 500
0%
Brazzaville 809 Kananga 503
0%
Luanda 1062 Kananga 660
0%
Benguela 1236 Kananga 768
0%
Jos 235 Kano 146
0%
Kaduna 203 Kano 126
0%
Maiduguri 502 Kano 312
0%
N'Djamena 711 Kano 442
0%
Gwalior 211 Kanpur 131
0%
Lucknow 78 Kanpur 48
0%
Allahabad 195 Kanpur 121
0%
Jabalpur 372 Kanpur 231
0%
Denver 896 Kansas City 557
0%
Memphis 595 Kansas City 370
0%
Minneapolis 662 Kansas City 412
0%
Davao 1821 Kaohsiung 1132
0%
Cebu 1421 Kaohsiung 883
0%
Manila 897 Kaohsiung 557
0%
Angeles 830 Kaohsiung 515
0%
Taipei 291 Kaohsiung 181
0%
Taichung 175 Kaohsiung 109
0%
Muscat 862 Karachi 536
0%
Quetta 595 Karachi 370
0%
Hyderabad, PK 151 Karachi 94
0%
Palembang 463 Karawang 288
0%
Bandar Lampung 245 Karawang 152
0%
Serang 128 Karawang 79
0%
Jakarta 53 Karawang 33
0%
Bandung 76 Karawang 47
0%
Cirebon 151 Karawang 94
0%
Patna 234 Kathmandu 146
0%
Siliguri 328 Kathmandu 204
0%
Prague 328 Katowice 204
0%
Vienna 298 Katowice 185
0%
Budapest 307 Katowice 191
0%
Belgrade 615 Katowice 382
0%
Warsaw 260 Katowice 161
0%
Konya 278 Kayseri 172
0%
Ankara 261 Kayseri 162
0%
Adana 194 Kayseri 120
0%
Gaziantep 248 Kayseri 154
0%
Diyarbakir 423 Kayseri 263
0%
Saratov 515 Kazan 320
0%
Samara 295 Kazan 183
0%
Ufa 452 Kazan 281
0%
Perm 497 Kazan 309
0%
Yekaterinburg 717 Kazan 445
0%
Baghdad 274 Kermanshah 171
0%
Kirkuk 277 Kermanshah 172
0%
Erbil 348 Kermanshah 216
0%
Ahvaz 367 Kermanshah 228
0%
Tehran 424 Kermanshah 263
0%
Qom 349 Kermanshah 217
0%
Isfahan 465 Kermanshah 289
0%
Odessa 567 Kharkiv 353
0%
Dnipro 192 Kharkiv 119
0%
Donetsk 248 Kharkiv 154
0%
Kiev 411 Kharkiv 255
0%
Moscow 648 Kharkiv 403
0%
Voronezh 277 Kharkiv 172
0%
Rostov 398 Kharkiv 247
0%
Jeddah 959 Khartoum 596
0%
Mecca 1005 Khartoum 624
0%
Addis Ababa 994 Khartoum 618
0%
Kolkata 126 Khulna 78
0%
Guwahati 431 Khulna 268
0%
Dhaka 130 Khulna 81
0%
Chittagong 240 Khulna 149
0%
Mandalay 679 Khulna 422
0%
Dnipro 390 Kiev 242
0%
Kharkiv 411 Kiev 255
0%
Minsk 434 Kiev 270
0%
Kampala 376 Kigali 234
0%
Nairobi 755 Kigali 469
0%
Mombasa 1094 Kigali 680
0%
Dar es Salaam 1157 Kigali 719
0%
Kisangani 608 Kigali 378
0%
Mbuji-Mayi 854 Kigali 531
0%
Mbuji-Mayi 939 Kinshasa 583
0%
Pointe-Noire 387 Kinshasa 241
0%
Luanda 550 Kinshasa 342
0%
Benguela 942 Kinshasa 585
0%
Baghdad 237 Kirkuk 148
0%
Erbil 89 Kirkuk 55
0%
Mosul 149 Kirkuk 93
0%
Kermanshah 277 Kirkuk 172
0%
Tabriz 338 Kirkuk 210
0%
Bangui 849 Kisangani 527
0%
Kampala 822 Kisangani 511
0%
Mbuji-Mayi 759 Kisangani 472
0%
Kumamoto 121 Kitakyushu 75
0%
Hiroshima 156 Kitakyushu 97
0%
Okayama 293 Kitakyushu 182
0%
Coimbatore 142 Kochi 88
0%
Kozhikode 150 Kochi 93
0%
Madurai 204 Kochi 127
0%
Colombo 520 Kochi 323
0%
Dhanbad 241 Kolkata 150
0%
Asansol 192 Kolkata 119
0%
Jamshedpur 224 Kolkata 139
0%
Guwahati 527 Kolkata 328
0%
Bhubaneswar 366 Kolkata 227
0%
Dhaka 245 Kolkata 152
0%
Khulna 126 Kolkata 78
0%
Chittagong 357 Kolkata 222
0%
Istanbul 462 Konya 287
0%
Bursa 393 Konya 244
0%
Izmir 473 Konya 294
0%
Antalya 192 Konya 119
0%
Ankara 227 Konya 141
0%
Adana 269 Konya 167
0%
Gwalior 260 Kota 161
0%
Jaipur 192 Kota 120
0%
Jodhpur 308 Kota 192
0%
Bhopal 269 Kota 167
0%
Indore 275 Kota 171
0%
Mysore 152 Kozhikode 94
0%
Coimbatore 130 Kozhikode 81
0%
Novosibirsk 634 Krasnoyarsk 394
0%
Urumqi 1404 Krasnoyarsk 873
0%
George Town 296 Kuala Lumpur 184
0%
Singapore 315 Kuala Lumpur 196
0%
Medan 341 Kuala Lumpur 212
0%
Pekanbaru 294 Kuala Lumpur 182
0%
Fukuoka 92 Kumamoto 57
0%
Kitakyushu 121 Kumamoto 75
0%
Hiroshima 239 Kumamoto 149
0%
Ouagadougou 631 Kumasi 392
0%
Abidjan 305 Kumasi 189
0%
Lome 320 Kumasi 199
0%
Dammam 387 Kuwait City 240
0%
Basra 130 Kuwait City 81
0%
Ahvaz 229 Kuwait City 142
0%
Shiraz 441 Kuwait City 274
0%
Kumasi 553 Lagos 344
0%
Lome 242 Lagos 150
0%
Cotonou 109 Lagos 68
0%
Ibadan 114 Lagos 71
0%
Rawalpindi 258 Lahore 160
0%
Gujranwala 68 Lahore 43
0%
Multan 315 Lahore 196
0%
Srinagar 282 Lahore 175
0%
Jalandhar 119 Lahore 74
0%
Ludhiana 160 Lahore 99
0%
Baoji 362 Lanzhou 225
0%
Xining 195 Lanzhou 121
0%
Yinchuan 343 Lanzhou 213
0%
Lima 1076 La Paz 669
0%
Arequipa 364 La Paz 226
0%
Cochabamba 231 La Paz 144
0%
Santa Cruz 545 La Paz 338
0%
Sacramento 622 Las Vegas 386
0%
Stockton 581 Las Vegas 361
0%
San Francisco 671 Las Vegas 417
0%
Los Angeles 367 Las Vegas 228
0%
San Diego 426 Las Vegas 265
0%
Phoenix 412 Las Vegas 256
0%
Tucson 583 Las Vegas 362
0%
Tijuana 440 Las Vegas 274
0%
Birmingham 148 Leeds 92
0%
Nottingham 98 Leeds 61
0%
Sheffield 47 Leeds 29
0%
Manchester 57 Leeds 36
0%
Newcastle 131 Leeds 81
0%
Glasgow 288 Leeds 179
0%
San Luis Potosi 136 Leon 85
0%
Aguascalientes 105 Leon 66
0%
Guadalajara 180 Leon 112
0%
Toluca 293 Leon 182
0%
Queretaro 147 Leon 91
0%
Cuernavaca 354 Leon 220
0%
Mexico City 326 Leon 202
0%
Puebla 431 Leon 268
0%
Qingdao 195 Lianyungang 121
0%
Linyi 97 Lianyungang 61
0%
Rizhao 95 Lianyungang 59
0%
Shuyang 68 Lianyungang 42
0%
Suqian 112 Lianyungang 70
0%
Huai'an 117 Lianyungang 72
0%
Paris 204 Lille 127
0%
Brussels 94 Lille 58
0%
Antwerp 114 Lille 71
0%
Rotterdam 174 Lille 104
0%
Amsterdam 231 Lille 144
0%
London 243 Lille 151
0%
Lubumbashi 732 Lilongwe 455
0%
Lusaka 610 Lilongwe 379
0%
Harare 515 Lilongwe 320
0%
Antananarivo 1571 Lilongwe 976
0%
Guayaquil 1150 Lima 714
0%
Arequipa 761 Lima 473
0%
La Paz 1076 Lima 669
0%
Qingdao 212 Linyi 132
0%
Weifang 193 Linyi 120
0%
Zibo 192 Linyi 119
0%
Tengzhou 110 Linyi 68
0%
Zaozhuang 99 Linyi 62
0%
Rizhao 112 Linyi 70
0%
Lianyungang 97 Linyi 61
0%
Shuyang 117 Linyi 73
0%
Madrid 503 Lisbon 313
0%
Seville 312 Lisbon 194
0%
Zhanjiang 353 Liuzhou 219
0%
Nanning 199 Liuzhou 124
0%
Guilin 138 Liuzhou 86
0%
Hanoi 518 Liuzhou 322
0%
Birmingham 126 Liverpool 78
0%
Sheffield 100 Liverpool 62
0%
Manchester 50 Liverpool 31
0%
Leeds 104 Liverpool 64
0%
Newcastle 196 Liverpool 122
0%
Glasgow 285 Liverpool 177
0%
Ouagadougou 756 Lome 470
0%
Abidjan 586 Lome 364
0%
Kumasi 320 Lome 199
0%
Accra 172 Lome 107
0%
Lagos 242 Lome 150
0%
Paris 343 London 213
0%
Sacramento 581 Los Angeles 361
0%
Stockton 514 Los Angeles 319
0%
San Francisco 560 Los Angeles 348
0%
San Diego 179 Los Angeles 111
0%
Las Vegas 367 Los Angeles 228
0%
Tijuana 202 Los Angeles 126
0%
Memphis 516 Louisville 321
0%
Nashville 250 Louisville 155
0%
Cincinnati 143 Louisville 89
0%
Indianapolis 172 Louisville 107
0%
Huainan 109 Lu'an 68
0%
Fuyang 144 Lu'an 90
0%
Hefei 67 Lu'an 42
0%
Wuhan 247 Lu'an 153
0%
Pointe-Noire 473 Luanda 294
0%
Benguela 419 Luanda 261
0%
Mbuji-Mayi 746 Lubumbashi 464
0%
Lusaka 430 Lubumbashi 267
0%
Lilongwe 732 Lubumbashi 455
0%
Harare 790 Lubumbashi 491
0%
Kanpur 78 Lucknow 48
0%
Allahabad 179 Lucknow 121
0%
Kathmandu 442 Lucknow 275
0%
Lahore 160 Ludhiana 99
0%
Amritsar 121 Ludhiana 75
0%
Jalandhar 53 Ludhiana 33
0%
Saharanpur 194 Ludhiana 120
0%
Zhengzhou 108 Luoyang 67
0%
Pingdingshan 117 Luoyang 73
0%
Nanyang 181 Luoyang 113
0%
Xi'an 324 Luoyang 201
0%
Lubumbashi 430 Lusaka 267
0%
Lilongwe 610 Lusaka 379
0%
Harare 398 Lusaka 247
0%
Maputo 1255 Lusaka 780
0%
Johannesburg 1199 Lusaka 745
0%
Hechuan 145 Luzhou 90
0%
Chongqing 132 Luzhou 82
0%
Jiangjin 92 Luzhou 57
0%
Zigong 83 Luzhou 52
0%
Yibin 80 Luzhou 50
0%
Zunyi 193 Luzhou 120
0%
Guiyang 274 Luzhou 170
0%
Kunming 513 Luzhou 319
0%
Toulouse 360 Lyon 224
0%
Marseille 278 Lyon 173
0%
Milan 340 Lyon 211
0%
Hefei 124 Ma'anshan 77
0%
Wuhu 37 Ma'anshan 23
0%
Nanjing 50 Ma'anshan 31
0%
Zhenjiang 103 Ma'anshan 64
0%
Yangzhou 117 Ma'anshan 73
0%
Salvador 475 Maceio 295
0%
Recife 203 Maceio 126
0%
Joao Pessoa 299 Maceio 186
0%
Natal 434 Maceio 270
0%
Lisbon 503 Madrid 313
0%
Valencia 302 Madrid 188
0%
Barcelona 505 Madrid 314
0%
Tiruppur 157 Madurai 97
0%
Tiruchirappalli 117 Madurai 72
0%
Colombo 384 Madurai 238
0%
Kano 502 Maiduguri 312
0%
N'Djamena 212 Maiduguri 132
0%
Bangui 1024 Maiduguri 636
0%
Davao 1518 Makassar 943
0%
Lisbon 470 Malaga 292
0%
Madrid 416 Malaga 258
0%
Seville 158 Malaga 98
0%
Valencia 468 Malaga 291
0%
Rabat 371 Malaga 231
0%
Fes 300 Malaga 186
0%
Oran 358 Malaga 223
0%
Algiers 666 Malaga 414
0%
Surabaya 81 Malang 51
0%
Denpasar 296 Malang 184
0%
Makassar 814 Malang 506
0%
Perth 2687 Malang 1669
0%
San Salvador 362 Managua 225
0%
San Pedro Sula 420 Managua 261
0%
Tegucigalpa 241 Managua 150
0%
San Jose 346 Managua 215
0%
Dammam 53 Manama 33
0%
Muscat 859 Manama 534
0%
Dubai 484 Manama 301
0%
Abu Dhabi 426 Manama 265
0%
Kuwait City 433 Manama 269
0%
Shiraz 421 Manama 262
0%
Birmingham 113 Manchester 70
0%
Sheffield 52 Manchester 32
0%
Leeds 57 Manchester 36
0%
Newcastle 171 Manchester 106
0%
Glasgow 295 Manchester 184
0%
Chittagong 442 Mandalay 275
0%
Davao 977 Manila 607
0%
Angeles 76 Manila 47
0%
Zurich 235 Mannheim 146
0%
Cologne 195 Mannheim 121
0%
Frankfurt 71 Mannheim 44
0%
Munich 272 Mannheim 169
0%
Nuremberg 188 Mannheim 117
0%
Zhuhai 282 Maoming 175
0%
Guangzhou 291 Maoming 181
0%
Qingyuan 313 Maoming 195
0%
Zhanjiang 73 Maoming 45
0%
Haikou 195 Maoming 121
0%
Nanning 292 Maoming 182
0%
Liuzhou 334 Maoming 207
0%
Harare 919 Maputo 571
0%
Antananarivo 1729 Maputo 1074
0%
Johannesburg 453 Maputo 281
0%
Durban 458 Maputo 284
0%
Port Elizabeth 1112 Maputo 691
0%
Cape Town 1623 Maputo 1008
0%
Port-au-Prince 876 Maracaibo 544
0%
Santo Domingo 885 Maracaibo 550
0%
Cartagena 423 Maracaibo 263
0%
Cucuta 325 Maracaibo 202
0%
Bucaramanga 427 Maracaibo 266
0%
Barquisimeto 268 Maracaibo 166
0%
Valencia, VE 406 Maracaibo 252
0%
Maracay 452 Maracaibo 281
0%
Caracas 520 Maracaibo 323
0%
Barquisimeto 191 Maracay 119
0%
Valencia, VE 47 Maracay 29
0%
Caracas 79 Maracay 49
0%
Agadir 204 Marrakesh 127
0%
Casablanca 222 Marrakesh 138
0%
Barcelona 338 Marseille 210
0%
Toulouse 319 Marseille 198
0%
Florence 477 Marseille 296
0%
Ashgabat 214 Mashhad 133
0%
Kisangani 759 Mbuji-Mayi 472
0%
Lubumbashi 746 Mbuji-Mayi 464
0%
Brazzaville 943 Mbuji-Mayi 586
0%
Lusaka 1154 Mbuji-Mayi 717
0%
San Antonio 360 McAllen 224
0%
Austin 455 McAllen 283
0%
Houston 486 McAllen 302
0%
Saltillo 290 McAllen 180
0%
Monterrey 215 McAllen 134
0%
Jeddah 67 Mecca 41
0%
Sana'a 817 Mecca 508
0%
Khartoum 1005 Mecca 624
0%
George Town 272 Medan 169
0%
Kuala Lumpur 341 Medan 212
0%
Pekanbaru 459 Medan 285
0%
Panama City 530 Medellin 330
0%
Cartagena 464 Medellin 288
0%
Cucuta 386 Medellin 240
0%
Bucaramanga 288 Medellin 179
0%
Bogota 247 Medellin 154
0%
Cali 328 Medellin 204
0%
Quito 789 Medellin 490
0%
Guayaquil 1052 Medellin 653
0%
Mecca 339 Medina 211
0%
Sana'a 1121 Medina 696
0%
Khartoum 1242 Medina 772
0%
Chandigarh 214 Meerut 133
0%
Saharanpur 110 Meerut 69
0%
Delhi 61 Meerut 38
0%
Moradabad 105 Meerut 65
0%
Bareilly 181 Meerut 112
0%
Aligarh 127 Meerut 79
0%
Miami 259 Melbourne 161
0%
Cape Coral 209 Melbourne 130
0%
Tampa 183 Melbourne 114
0%
Orlando 91 Melbourne 57
0%
Jacksonville 270 Melbourne 168
0%
Havana 578 Melbourne 359
0%
Brisbane 1374 Melbourne 854
0%
Sydney 713 Melbourne 443
0%
Adelaide 654 Melbourne 406
0%
Perth 2722 Melbourne 1691
0%
New Orleans 577 Memphis 359
0%
Nashville 317 Memphis 197
0%
Kansas City 595 Memphis 370
0%
San Miguel de Tucuman 758 Mendoza 471
0%
Cordoba 471 Mendoza 293
0%
Rosario 764 Mendoza 474
0%
Santiago 179 Mendoza 111
0%
Valparaiso 258 Mendoza 160
0%
Guatemala City 726 Merida 451
0%
San Pedro Sula 630 Merida 392
0%
Antalya 349 Mersin 217
0%
Konya 223 Mersin 139
0%
Ankara 377 Mersin 234
0%
Adana 65 Mersin 41
0%
Gaziantep 246 Mersin 153
0%
Aleppo 235 Mersin 146
0%
Queretaro 184 Mexico City 114
0%
Cuernavaca 58 Mexico City 36
0%
Puebla 107 Mexico City 67
0%
Tampa 330 Miami 205
0%
Orlando 329 Miami 204
0%
Baoji 401 Mianyang 249
0%
Lanzhou 517 Mianyang 321
0%
Xining 632 Mianyang 393
0%
Nanchong 153 Mianyang 95
0%
Chengdu 115 Mianyang 72
0%
Marseille 387 Milan 241
0%
Lyon 340 Milan 211
0%
Rome 478 Milan 297
0%
Naples 658 Milan 409
0%
Minneapolis 479 Milwaukee 298
0%
Milwaukee 479 Minneapolis 298
0%
Kansas City 662 Minneapolis 412
0%
Kiev 434 Minsk 270
0%
Warsaw 474 Minsk 295
0%
Helsinki 715 Minsk 444
0%
Saint Petersburg 692 Minsk 430
0%
Moscow 676 Minsk 420
0%
Addis Ababa 1064 Mogadishu 661
0%
Nairobi 1015 Mogadishu 631
0%
Mombasa 923 Mogadishu 574
0%
Dar es Salaam 1192 Mogadishu 740
0%
Kampala 928 Mombasa 576
0%
Nairobi 433 Mombasa 275
0%
Dar es Salaam 310 Mombasa 193
0%
Lilongwe 1283 Mombasa 797
0%
Bamako 770 Monrovia 479
0%
Conakry 478 Monrovia 297
0%
Freetown 359 Monrovia 223
0%
Abidjan 759 Monrovia 471
0%
San Antonio 454 Monterrey 282
0%
McAllen 215 Monterrey 134
0%
Austin 569 Monterrey 354
0%
Torreon 316 Monterrey 196
0%
Saltillo 75 Monterrey 46
0%
Rosario 468 Montevideo 291
0%
Porto Alegre 714 Montevideo 444
0%
Hartford 422 Montreal 262
0%
Boston 403 Montreal 251
0%
Saharanpur 172 Moradabad 107
0%
Meerut 105 Moradabad 65
0%
Delhi 152 Moradabad 95
0%
Bareilly 83 Moradabad 51
0%
Aligarh 125 Moradabad 78
0%
Agra 199 Moradabad 123
0%
Minsk 676 Moscow 420
0%
Saint Petersburg 634 Moscow 394
0%
Diyarbakir 312 Mosul 194
0%
Baghdad 355 Mosul 221
0%
Kirkuk 149 Mosul 93
0%
Erbil 79 Mosul 49
0%
Tabriz 338 Mosul 210
0%
Yerevan 442 Mosul 275
0%
Tbilisi 612 Mosul 380
0%
Quetta 426 Multan 265
0%
Jodhpur 462 Multan 287
0%
Nashik 153 Mumbai 95
0%
Aurangabad 282 Mumbai 175
0%
Pune 120 Mumbai 74
0%
Milan 349 Munich 217
0%
Nuremberg 150 Munich 93
0%
Prague 299 Munich 186
0%
Vienna 355 Munich 221
0%
Dubai 381 Muscat 237
0%
Abu Dhabi 441 Muscat 274
0%
Hubli 375 Mysore 233
0%
Bangalore 125 Mysore 77
0%
Salem 179 Mysore 111
0%
Tiruppur 153 Mysore 95
0%
Coimbatore 148 Mysore 92
0%
Kozhikode 152 Mysore 94
0%
Okayama 278 Nagoya 173
0%
Osaka 139 Nagoya 86
0%
Hamamatsu 91 Nagoya 57
0%
Shizuoka 136 Nagoya 85
0%
Tokyo 266 Nagoya 165
0%
Sendai 492 Nagoya 306
0%
Bhopal 289 Nagpur 179
0%
Jabalpur 240 Nagpur 149
0%
Bhilai 238 Nagpur 148
0%
Hyderabad, IN 426 Nagpur 265
0%
Visakhapatnam 585 Nagpur 363
0%
Addis Ababa 1167 Nairobi 725
0%
Kampala 504 Nairobi 313
0%
Mombasa 433 Nairobi 275
0%
Dar es Salaam 673 Nairobi 418
0%
Baoji 406 Nanchong 252
0%
Wanzhou 219 Nanchong 136
0%
Mianyang 153 Nanchong 95
0%
Chengdu 198 Nanchong 123
0%
Hechuan 100 Nanchong 62
0%
Chongqing 148 Nanchong 92
0%
Wuhu 86 Nanjing 53
0%
Ma'anshan 50 Nanjing 31
0%
Zhenjiang 61 Nanjing 38
0%
Yangzhou 69 Nanjing 43
0%
Maoming 292 Nanning 182
0%
Zhanjiang 268 Nanning 166
0%
Haikou 362 Nanning 225
0%
Liuzhou 199 Nanning 124
0%
Guilin 336 Nanning 209
0%
Hanoi 328 Nanning 204
0%
Jiangyin 60 Nantong 37
0%
Changshu 39 Nantong 24
0%
Shanghai 100 Nantong 62
0%
Pingdingshan 106 Nanyang 66
0%
Xiangyang 111 Nanyang 72
0%
Xi'an 360 Nanyang 223
0%
Rome 188 Naples 117
0%
Tunis 571 Naples 355
0%
Sousse 640 Naples 398
0%
Ahmedabad 357 Nashik 222
0%
Vadodara 264 Nashik 164
0%
Aurangabad 161 Nashik 100
0%
Mumbai 153 Nashik 95
0%
Pune 165 Nashik 102
0%
Solapur 343 Nashik 213
0%
Memphis 317 Nashville 197
0%
Cincinnati 383 Nashville 238
0%
Louisville 250 Nashville 155
0%
Salvador 875 Natal 544
0%
Maceio 434 Natal 270
0%
Recife 254 Natal 158
0%
Joao Pessoa 152 Natal 94
0%
Fortaleza 435 Natal 271
0%
Teresina 844 Natal 524
0%
Sao Luis 1071 Natal 665
0%
Belem 1552 Natal 964
0%
Maiduguri 212 N'Djamena 132
0%
Bangui 944 N'Djamena 587
0%
Glasgow 194 Newcastle 120
0%
Houston 511 New Orleans 318
0%
Philadelphia 130 New York 81
0%
Harrisburg 248 New York 154
0%
Hartford 162 New York 100
0%
Boston 306 New York 190
0%
Ouagadougou 414 Niamey 257
0%
Jiaxing 124 Ningbo 77
0%
Hangzhou 141 Ningbo 87
0%
Cixi 44 Ningbo 27
0%
Yiwu 154 Ningbo 96
0%
Taizhou 135 Ningbo 84
0%
Wenzhou 224 Ningbo 139
0%
Saint Petersburg 896 Nizhny Novgorod 557
0%
Moscow 402 Nizhny Novgorod 250
0%
Saratov 549 Nizhny Novgorod 341
0%
Samara 526 Nizhny Novgorod 327
0%
Kazan 322 Nizhny Novgorod 200
0%
London 176 Nottingham 109
0%
Birmingham 73 Nottingham 45
0%
Sheffield 52 Nottingham 32
0%
Manchester 93 Nottingham 58
0%
Leeds 98 Nottingham 61
0%
Touba 360 Nouakchott 223
0%
Banjul 520 Nouakchott 323
0%
Krasnoyarsk 634 Novosibirsk 394
0%
Nur-Sultan 877 Novosibirsk 545
0%
Urumqi 1283 Novosibirsk 797
0%
Frankfurt 187 Nuremberg 116
0%
Mannheim 188 Nuremberg 117
0%
Munich 150 Nuremberg 93
0%
Prague 250 Nuremberg 155
0%
Vienna 411 Nuremberg 255
0%
Novosibirsk 877 Nur-Sultan 545
0%
Krasnoyarsk 1505 Nur-Sultan 935
0%
Urumqi 1458 Nur-Sultan 906
0%
Bucharest 425 Odessa 264
0%
Dnipro 392 Odessa 243
0%
Kiev 442 Odessa 274
0%
Hiroshima 138 Okayama 86
0%
Osaka 144 Okayama 90
0%
Nagoya 278 Okayama 173
0%
Hamamatsu 348 Okayama 216
0%
Shizuoka 409 Okayama 254
0%
Denver 811 Oklahoma City 504
0%
Kansas City 480 Oklahoma City 298
0%
Chelyabinsk 762 Omsk 473
0%
Novosibirsk 608 Omsk 378
0%
Krasnoyarsk 1228 Omsk 763
0%
Nur-Sultan 433 Omsk 275
0%
Benin City 132 Onitsha 82
0%
Warri 138 Onitsha 86
0%
Port Harcourt 154 Onitsha 96
0%
Aba 131 Onitsha 81
0%
Enugu 82 Onitsha 51
0%
Douala 395 Onitsha 246
0%
Yaounde 580 Onitsha 360
0%
Malaga 358 Oran 223
0%
Valencia 420 Oran 261
0%
Algiers 351 Oran 218
0%
Tampa 125 Orlando 77
0%
Jacksonville 201 Orlando 125
0%
Hiroshima 281 Osaka 175
0%
Okayama 144 Osaka 90
0%
Nagoya 139 Osaka 86
0%
Hamamatsu 204 Osaka 127
0%
Shizuoka 265 Osaka 165
0%
Tokyo 403 Osaka 251
0%
Stockholm 417 Oslo 259
0%
Helsinki 787 Oslo 489
0%
Montreal 167 Ottawa 104
0%
Boston 504 Ottawa 313
0%
Bamako 702 Ouagadougou 436
0%
Niamey 414 Ouagadougou 257
0%
Singapore 486 Palembang 302
0%
Pekanbaru 537 Palembang 334
0%
Bandar Lampung 277 Palembang 172
0%
San Jose 507 Panama City 315
0%
Shenyang 137 Panjin 85
0%
Benxi 142 Panjin 89
0%
Anshan 78 Panjin 48
0%
Yingkou 52 Panjin 32
0%
Jinzhou 79 Panjin 49
0%
Chifeng 292 Panjin 181
0%
Lille 204 Paris 127
0%
Allahabad 332 Patna 206
0%
Varanasi 216 Patna 134
0%
Dhanbad 241 Patna 150
0%
Asansol 282 Patna 175
0%
Ranchi 250 Patna 155
0%
Siliguri 351 Patna 218
0%
Kathmandu 234 Patna 146
0%
George Town 559 Pekanbaru 347
0%
Kuala Lumpur 294 Pekanbaru 182
0%
Singapore 280 Pekanbaru 174
0%
Medan 459 Pekanbaru 285
0%
Kazan 497 Perm 309
0%
Ufa 360 Perm 224
0%
Yekaterinburg 292 Perm 181
0%
Chelyabinsk 448 Perm 278
0%
Brisbane 3606 Perth 2241
0%
Sydney 3290 Perth 2045
0%
Adelaide 2131 Perth 1324
0%
Dushanbe 563 Peshawar 350
0%
Rawalpindi 146 Peshawar 91
0%
Srinagar 301 Peshawar 187
0%
Virginia Beach 353 Philadelphia 219
0%
Harrisburg 150 Philadelphia 93
0%
Hartford 291 Philadelphia 181
0%
Boston 436 Philadelphia 271
0%
Da Nang 613 Phnom Penh 381
0%
Ho Chi Minh City 203 Phnom Penh 126
0%
Bangkok 531 Phnom Penh 330
0%
Chonburi 466 Phnom Penh 289
0%
San Diego 481 Phoenix 299
0%
Las Vegas 412 Phoenix 256
0%
Tucson 171 Phoenix 106
0%
El Paso 555 Phoenix 345
0%
Tijuana 475 Phoenix 295
0%
Juarez 556 Phoenix 346
0%
Zhengzhou 116 Pingdingshan 72
0%
Luoyang 117 Pingdingshan 73
0%
Nanyang 106 Pingdingshan 66
0%
Xiangyang 220 Pingdingshan 137
0%
Ganzhou 226 Pingxiang 141
0%
Hengyang 151 Pingxiang 94
0%
Zhuzhou 75 Pingxiang 46
0%
Xiangtan 93 Pingxiang 58
0%
Changsha 113 Pingxiang 70
0%
Nanchang 229 Pingxiang 142
0%
Harrisburg 265 Pittsburgh 164
0%
Buffalo 287 Pittsburgh 179
0%
Cleveland 185 Pittsburgh 115
0%
Brazzaville 385 Pointe-Noire 239
0%
Luanda 473 Pointe-Noire 294
0%
Benguela 883 Pointe-Noire 549
0%
Santo Domingo 257 Port-au-Prince 160
0%
Maputo 1112 Port Elizabeth 691
0%
Johannesburg 894 Port Elizabeth 555
0%
Durban 684 Port Elizabeth 425
0%
Cape Town 664 Port Elizabeth 413
0%
Benin City 232 Port Harcourt 144
0%
Warri 164 Port Harcourt 102
0%
Aba 54 Port Harcourt 34
0%
Onitsha 154 Port Harcourt 96
0%
Enugu 193 Port Harcourt 120
0%
Yaounde 510 Port Harcourt 317
0%
Edmonton 1110 Portland 690
0%
Calgary 885 Portland 550
0%
Vancouver 418 Portland 260
0%
Seattle 234 Portland 145
0%
Lisbon 275 Porto 171
0%
Madrid 421 Porto 262
0%
Asuncion 821 Porto Alegre 510
0%
Montevideo 714 Porto Alegre 444
0%
Florianopolis 376 Porto Alegre 233
0%
Curitiba 546 Porto Alegre 340
0%
Munich 299 Prague 186
0%
Nuremberg 250 Prague 155
0%
Berlin 280 Prague 174
0%
Vienna 253 Prague 157
0%
Budapest 444 Prague 276
0%
Warsaw 517 Prague 322
0%
Katowice 328 Prague 204
0%
Toluca 155 Puebla 97
0%
Cuernavaca 110 Puebla 68
0%
Mexico City 107 Puebla 67
0%
Nashik 165 Pune 102
0%
Aurangabad 217 Pune 135
0%
Mumbai 120 Pune 74
0%
Solapur 237 Pune 147
0%
Hyderabad, IN 505 Pune 314
0%
Hubli 378 Pune 235
0%
Cangnan 269 Putian 167
0%
Fuzhou 75 Putian 47
0%
Xiamen 143 Putian 89
0%
Taipei 261 Putian 162
0%
Taichung 221 Putian 137
0%
Tainan 299 Putian 186
0%
Kaohsiung 340 Putian 211
0%
Xingtai 153 Puyang 95
0%
Handan 105 Puyang 65
0%
Anyang 69 Puyang 43
0%
Xinxiang 112 Puyang 70
0%
Kaifeng 126 Puyang 78
0%
Seoul 197 Pyongyang 122
0%
Yantai 181 Qingdao 113
0%
Weihai 224 Qingdao 139
0%
Weifang 131 Qingdao 81
0%
Rizhao 106 Qingdao 66
0%
Huizhou 152 Qingyuan 95
0%
Hong Kong 190 Qingyuan 118
0%
Zhuhai 165 Qingyuan 103
0%
Guangzhou 64 Qingyuan 40
0%
Liuzhou 377 Qingyuan 234
0%
Guilin 331 Qingyuan 206
0%
Ganzhou 305 Qingyuan 190
0%
Jinzhou 182 Qinhuangdao 113
0%
Dalian 207 Qinhuangdao 129
0%
Chifeng 262 Qinhuangdao 163
0%
Tangshan 126 Qinhuangdao 78
0%
Tianjin 225 Qinhuangdao 140
0%
Daqing 114 Qiqihar 71
0%
Harbin 270 Qiqihar 168
0%
Kermanshah 349 Qom 217
0%
Tehran 125 Qom 78
0%
Isfahan 233 Qom 145
0%
Mashhad 810 Qom 503
0%
Baku 643 Qom 400
0%
Ashgabat 766 Qom 476
0%
San Luis Potosi 184 Queretaro 114
0%
Aguascalientes 244 Queretaro 152
0%
Guadalajara 308 Queretaro 191
0%
Leon 147 Queretaro 91
0%
Toluca 164 Queretaro 102
0%
Cuernavaca 222 Queretaro 138
0%
Mexico City 184 Queretaro 114
0%
Puebla 287 Queretaro 178
0%
Multan 426 Quetta 265
0%
Hyderabad, PK 554 Quetta 344
0%
Karachi 595 Quetta 370
0%
Cali 464 Quito 288
0%
Guayaquil 267 Quito 166
0%
Lima 1329 Quito 826
0%
Seville 381 Rabat 237
0%
Agadir 478 Rabat 297
0%
Casablanca 86 Rabat 53
0%
Fes 173 Rabat 107
0%
Hyderabad, PK 422 Rajkot 262
0%
Karachi 481 Rajkot 299
0%
Ahmedabad 202 Rajkot 125
0%
Charlotte 209 Raleigh 130
0%
Greensboro 109 Raleigh 68
0%
Richmond 223 Raleigh 139
0%
Varanasi 319 Ranchi 198
0%
Patna 250 Ranchi 155
0%
Dhanbad 122 Ranchi 76
0%
Asansol 170 Ranchi 106
0%
Jamshedpur 112 Ranchi 69
0%
Bhilai 473 Ranchi 294
0%
Bhubaneswar 348 Ranchi 216
0%
Dushanbe 671 Rawalpindi 417
0%
Gujranwala 192 Rawalpindi 120
0%
Srinagar 171 Rawalpindi 106
0%
Salvador 675 Recife 419
0%
Maceio 203 Recife 126
0%
Joao Pessoa 105 Recife 65
0%
Fortaleza 630 Recife 392
0%
Charlotte 399 Richmond 248
0%
Greensboro 266 Richmond 165
0%
Raleigh 223 Richmond 139
0%
Virginia Beach 151 Richmond 94
0%
Philadelphia 332 Richmond 207
0%
Harrisburg 306 Richmond 190
0%
Santos 342 Rio de Janeiro 212
0%
Campinas 398 Rio de Janeiro 247
0%
Belo Horizonte 341 Rio de Janeiro 212
0%
Vitoria 413 Rio de Janeiro 257
0%
Jeddah 850 Riyadh 528
0%
Mecca 794 Riyadh 493
0%
Dammam 390 Riyadh 242
0%
Sana'a 1071 Riyadh 665
0%
Manama 423 Riyadh 263
0%
Yantai 285 Rizhao 177
0%
Weihai 328 Rizhao 204
0%
Qingdao 106 Rizhao 66
0%
Weifang 147 Rizhao 92
0%
Linyi 112 Rizhao 70
0%
Lianyungang 95 Rizhao 59
0%
Naples 188 Rome 117
0%
Tunis 600 Rome 373
0%
Sousse 693 Rome 430
0%
Asuncion 902 Rosario 560
0%
San Miguel de Tucuman 810 Rosario 503
0%
Cordoba 371 Rosario 231
0%
Santiago 930 Rosario 578
0%
Valparaiso 1019 Rosario 633
0%
Montevideo 468 Rosario 291
0%
Dnipro 379 Rostov 235
0%
Donetsk 169 Rostov 105
0%
Kharkiv 398 Rostov 247
0%
Voronezh 495 Rostov 308
0%
Lille 174 Rotterdam 104
0%
Brussels 120 Rotterdam 75
0%
Antwerp 78 Rotterdam 49
0%
Vancouver 1195 Sacramento 743
0%
Seattle 1006 Sacramento 625
0%
Portland 778 Sacramento 483
0%
Stockton 71 Sacramento 44
0%
San Francisco 120 Sacramento 75
0%
Ludhiana 194 Saharanpur 120
0%
Chandigarh 113 Saharanpur 70
0%
Meerut 110 Saharanpur 69
0%
Delhi 151 Saharanpur 94
0%
Moradabad 172 Saharanpur 107
0%
Memphis 388 Saint Louis 241
0%
Louisville 390 Saint Louis 242
0%
Indianapolis 371 Saint Louis 230
0%
Minneapolis 750 Saint Louis 466
0%
Kansas City 383 Saint Louis 238
0%
Minsk 692 Saint Petersburg 430
0%
Stockholm 691 Saint Petersburg 429
0%
Helsinki 299 Saint Petersburg 186
0%
Moscow 634 Saint Petersburg 394
0%
Bangalore 160 Salem 100
0%
Mysore 179 Salem 111
0%
Chennai 272 Salem 169
0%
Tiruppur 108 Salem 67
0%
Coimbatore 148 Salem 92
0%
Kozhikode 262 Salem 163
0%
Tiruchirappalli 111 Salem 69
0%
Madurai 193 Salem 120
0%
McAllen 290 Saltillo 180
0%
Chihuahua 617 Saltillo 383
0%
Torreon 247 Saltillo 153
0%
Monterrey 75 Saltillo 46
0%
Edmonton 1427 Salt Lake City 887
0%
Calgary 1156 Salt Lake City 718
0%
Denver 597 Salt Lake City 371
0%
Maceio 475 Salvador 295
0%
Recife 675 Salvador 419
0%
Joao Pessoa 763 Salvador 474
0%
Saratov 338 Samara 210
0%
Kazan 295 Samara 183
0%
Ufa 419 Samara 260
0%
Perm 653 Samara 406
0%
Yekaterinburg 775 Samara 481
0%
Chelyabinsk 760 Samara 472
0%
Jeddah 863 Sana'a 536
0%
Mecca 817 Sana'a 508
0%
Khartoum 1250 Sana'a 777
0%
Addis Ababa 920 Sana'a 572
0%
McAllen 360 San Antonio 224
0%
Austin 118 San Antonio 73
0%
Houston 304 San Antonio 189
0%
Monterrey 454 San Antonio 282
0%
Sacramento 760 San Diego 472
0%
Stockton 693 San Diego 430
0%
San Francisco 738 San Diego 459
0%
Los Angeles 179 San Diego 111
0%
Las Vegas 426 San Diego 265
0%
Phoenix 481 San Diego 299
0%
Tijuana 23 San Diego 14
0%
Sacramento 120 San Francisco 75
0%
Stockton 101 San Francisco 63
0%
Los Angeles 560 San Francisco 348
0%
San Salvador 700 San Jose 435
0%
Tegucigalpa 579 San Jose 360
0%
Managua 346 San Jose 215
0%
Panama City 507 San Jose 315
0%
Port-au-Prince 658 San Juan 409
0%
Santo Domingo 400 San Juan 249
0%
Torreon 453 San Luis Potosi 282
0%
Saltillo 364 San Luis Potosi 226
0%
Monterrey 397 San Luis Potosi 247
0%
Aguascalientes 139 San Luis Potosi 87
0%
Guadalajara 295 San Luis Potosi 184
0%
Leon 136 San Luis Potosi 85
0%
Queretaro 184 San Luis Potosi 114
0%
Arequipa 1330 San Miguel de Tucuman 827
0%
La Paz 1187 San Miguel de Tucuman 738
0%
Cochabamba 1053 San Miguel de Tucuman 654
0%
Santa Cruz 1028 San Miguel de Tucuman 639
0%
Asuncion 777 San Miguel de Tucuman 483
0%
Cordoba 519 San Miguel de Tucuman 322
0%
Mendoza 758 San Miguel de Tucuman 471
0%
Santiago 902 San Miguel de Tucuman 561
0%
Valparaiso 925 San Miguel de Tucuman 575
0%
Merida 630 San Pedro Sula 392
0%
Guatemala City 313 San Pedro Sula 195
0%
San Salvador 237 San Pedro Sula 147
0%
Tegucigalpa 179 San Pedro Sula 111
0%
Managua 420 San Pedro Sula 261
0%
Merida 810 San Salvador 503
0%
Guatemala City 193 San Salvador 120
0%
San Pedro Sula 237 San Salvador 147
0%
Tegucigalpa 219 San Salvador 136
0%
Managua 362 San Salvador 225
0%
San Jose 700 San Salvador 435
0%
Arequipa 901 Santa Cruz 560
0%
La Paz 545 Santa Cruz 338
0%
Cochabamba 320 Santa Cruz 199
0%
San Miguel de Tucuman 902 Santiago 561
0%
Rosario 930 Santiago 578
0%
Valparaiso 99 Santiago 62
0%
Port-au-Prince 257 Santo Domingo 160
0%
Porto Alegre 831 Santos 517
0%
Florianopolis 462 Santos 287
0%
Curitiba 340 Santos 211
0%
Sao Paulo 55 Santos 34
0%
Campinas 139 Santos 86
0%
Rio de Janeiro 342 Santos 212
0%
Belo Horizonte 512 Santos 318
0%
Vitoria 740 Santos 460
0%
Goiania 865 Santos 537
0%
Brasilia 924 Santos 574
0%
Fortaleza 653 Sao Luis 405
0%
Teresina 329 Sao Luis 205
0%
Belem 482 Sao Luis 300
0%
Manaus 1748 Sao Luis 1086
0%
Florianopolis 489 Sao Paulo 304
0%
Santos 55 Sao Paulo 34
0%
Campinas 83 Sao Paulo 52
0%
Belo Horizonte 491 Sao Paulo 305
0%
Vitoria 745 Sao Paulo 463
0%
Goiania 811 Sao Paulo 504
0%
Brasilia 874 Sao Paulo 543
0%
Sendai 535 Sapporo 332
0%
Voronezh 472 Saratov 293
0%
Samara 338 Saratov 210
0%
Kazan 515 Saratov 320
0%
Edmonton 908 Seattle 564
0%
Calgary 711 Seattle 442
0%
Vancouver 194 Seattle 120
0%
Portland 234 Seattle 145
0%
Cirebon 205 Semarang 128
0%
Malang 267 Semarang 166
0%
Denpasar 562 Semarang 349
0%
Makassar 1017 Semarang 632
0%
Tokyo 303 Sendai 188
0%
Daejeon 139 Seoul 87
0%
Palembang 381 Serang 237
0%
Bandar Lampung 125 Serang 78
0%
Jakarta 75 Serang 46
0%
Karawang 128 Serang 79
0%
Lisbon 312 Seville 194
0%
Madrid 391 Seville 243
0%
Fes 381 Seville 237
0%
Jiangyin 136 Shanghai 84
0%
Nantong 100 Shanghai 62
0%
Changshu 84 Shanghai 52
0%
Jiaxing 86 Shanghai 54
0%
Cixi 120 Shanghai 75
0%
Kaifeng 131 Shangqiu 81
0%
Jining 140 Shangqiu 87
0%
Huaibei 117 Shangqiu 73
0%
Xiamen 190 Shantou 118
0%
Huizhou 233 Shantou 145
0%
Hong Kong 282 Shantou 175
0%
London 228 Sheffield 142
0%
Birmingham 104 Sheffield 65
0%
Nottingham 52 Sheffield 32
0%
Manchester 52 Sheffield 32
0%
Leeds 47 Sheffield 29
0%
Newcastle 178 Sheffield 110
0%
Daqing 549 Shenyang 341
0%
Harbin 511 Shenyang 318
0%
Changchun 279 Shenyang 174
0%
Jilin 344 Shenyang 214
0%
Benxi 65 Shenyang 41
0%
Anshan 85 Shenyang 53
0%
Panjin 137 Shenyang 85
0%
Yingkou 156 Shenyang 97
0%
Jinzhou 208 Shenyang 129
0%
Tianjin 261 Shijiazhuang 162
0%
Beijing 264 Shijiazhuang 164
0%
Datong 250 Shijiazhuang 155
0%
Baoding 124 Shijiazhuang 77
0%
Taiyuan 174 Shijiazhuang 108
0%
Xingtai 108 Shijiazhuang 67
0%
Dammam 425 Shiraz 264
0%
Manama 421 Shiraz 262
0%
Kuwait City 441 Shiraz 274
0%
Basra 469 Shiraz 292
0%
Ahvaz 412 Shiraz 256
0%
Isfahan 349 Shiraz 217
0%
Osaka 265 Shizuoka 165
0%
Nagoya 136 Shizuoka 85
0%
Hamamatsu 67 Shizuoka 42
0%
Tokyo 148 Shizuoka 92
0%
Sendai 428 Shizuoka 266
0%
Sapporo 934 Shizuoka 581
0%
Linyi 117 Shuyang 73
0%
Rizhao 161 Shuyang 100
0%
Lianyungang 68 Shuyang 42
0%
Suqian 49 Shuyang 31
0%
Huai'an 69 Shuyang 43
0%
Almaty 604 Shymkent 375
0%
Bishkek 409 Shymkent 254
0%
Tashkent 116 Shymkent 72
0%
Dushanbe 426 Shymkent 265
0%
Guwahati 341 Siliguri 212
0%
Kathmandu 328 Siliguri 204
0%
George Town 604 Singapore 375
0%
Kuala Lumpur 315 Singapore 196
0%
Medan 623 Singapore 391
0%
Pekanbaru 280 Singapore 174
0%
Belgrade 329 Sofia 205
0%
Bucharest 296 Sofia 184
0%
Aurangabad 257 Solapur 159
0%
Mumbai 357 Solapur 222
0%
Pune 237 Solapur 147
0%
Hyderabad, IN 274 Solapur 171
0%
Vijayawada 521 Solapur 324
0%
Hubli 269 Solapur 167
0%
Naples 640 Sousse 398
0%
Tunis 115 Sousse 72
0%
Paris 352 Southampton 219
0%
London 111 Southampton 69
0%
Bishkek 979 Srinagar 608
0%
Kabul 519 Srinagar 322
0%
Peshawar 301 Srinagar 187
0%
Rawalpindi 171 Srinagar 106
0%
Helsinki 396 Stockholm 246
0%
Saint Petersburg 691 Stockholm 429
0%
Portland 848 Stockton 527
0%
Salt Lake City 866 Stockton 538
0%
Sacramento 71 Stockton 44
0%
San Francisco 101 Stockton 63
0%
Los Angeles 514 Stockton 319
0%
Las Vegas 581 Stockton 361
0%
Zurich 164 Stuttgart 102
0%
Frankfurt 153 Stuttgart 95
0%
Mannheim 94 Stuttgart 58
0%
Munich 191 Stuttgart 118
0%
Nuremberg 157 Stuttgart 98
0%
Lianyungang 112 Suqian 70
0%
Shuyang 49 Suqian 31
0%
Xuzhou 95 Suqian 59
0%
Suzhou 126 Suqian 78
0%
Huai'an 90 Suqian 56
0%
Malang 81 Surabaya 51
0%
Makassar 775 Surabaya 482
0%
Malang 205 Surakarta 128
0%
Surabaya 215 Surakarta 134
0%
Denpasar 501 Surakarta 312
0%
Makassar 988 Surakarta 614
0%
Ahmedabad 203 Surat 126
0%
Nashik 166 Surat 103
0%
Aurangabad 296 Surat 184
0%
Mumbai 248 Surat 154
0%
Pune 317 Surat 197
0%
Suqian 126 Suzhou 78
0%
Xuzhou 69 Suzhou 43
0%
Huaibei 37 Suzhou 23
0%
Shangqiu 148 Suzhou 92
0%
Bengbu 90 Suzhou 56
0%
Huainan 113 Suzhou 70
0%
Fuyang 136 Suzhou 85
0%
Brisbane 733 Sydney 455
0%
Adelaide 1162 Sydney 722
0%
Kirkuk 338 Tabriz 210
0%
Erbil 291 Tabriz 181
0%
Mosul 338 Tabriz 210
0%
Tehran 530 Tabriz 329
0%
Yerevan 279 Tabriz 173
0%
Tbilisi 421 Tabriz 262
0%
Baku 399 Tabriz 248
0%
Zibo 110 Tai'an 68
0%
Jinan 50 Tai'an 31
0%
Jining 98 Tai'an 61
0%
Tengzhou 126 Tai'an 78
0%
Putian 223 Taichung 138
0%
Xiamen 266 Taichung 165
0%
Naha 740 Taichung 460
0%
Angeles 1001 Taichung 622
0%
Taipei 126 Taichung 78
0%
Xiamen 272 Tainan 169
0%
Cebu 1465 Tainan 910
0%
Manila 939 Tainan 583
0%
Angeles 871 Tainan 541
0%
Taipei 260 Tainan 161
0%
Taichung 139 Tainan 86
0%
Putian 261 Taipei 162
0%
Naha 627 Taipei 390
0%
Taichung 126 Taipei 78
0%
Datong 255 Taiyuan 158
0%
Hohhot 338 Taiyuan 210
0%
Baotou 388 Taiyuan 241
0%
Shijiazhuang 174 Taiyuan 108
0%
Yiwu 148 Taizhou 92
0%
Wenzhou 102 Taizhou 63
0%
Cangnan 160 Taizhou 99
0%
Naha 675 Taizhou 419
0%
New Orleans 774 Tampa 481
0%
Miami 330 Tampa 205
0%
Orlando 125 Tampa 77
0%
Jacksonville 276 Tampa 171
0%
Lisbon 440 Tangier 273
0%
Seville 180 Tangier 112
0%
Malaga 163 Tangier 101
0%
Agadir 692 Tangier 430
0%
Marrakesh 503 Tangier 313
0%
Casablanca 293 Tangier 182
0%
Rabat 216 Tangier 134
0%
Fes 205 Tangier 127
0%
Oran 467 Tangier 290
0%
Chifeng 296 Tangshan 184
0%
Qinhuangdao 126 Tangshan 78
0%
Tianjin 104 Tangshan 64
0%
Beijing 155 Tangshan 96
0%
Almaty 664 Tashkent 412
0%
Shymkent 116 Tashkent 72
0%
Bishkek 468 Tashkent 291
0%
Dushanbe 310 Tashkent 193
0%
Yerevan 171 Tbilisi 106
0%
Baku 447 Tbilisi 278
0%
Merida 805 Tegucigalpa 500
0%
Guatemala City 386 Tegucigalpa 240
0%
San Salvador 219 Tegucigalpa 136
0%
San Pedro Sula 179 Tegucigalpa 111
0%
Managua 241 Tegucigalpa 150
0%
San Jose 579 Tegucigalpa 360
0%
Qom 125 Tehran 78
0%
Isfahan 337 Tehran 209
0%
Mashhad 738 Tehran 458
0%
Baku 540 Tehran 336
0%
Ashgabat 668 Tehran 415
0%
Damascus 212 Tel Aviv 132
0%
Beirut 213 Tel Aviv 132
0%
Jerusalem 51 Tel Aviv 32
0%
Amman 110 Tel Aviv 68
0%
Alexandria 474 Tel Aviv 294
0%
Cairo 407 Tel Aviv 253
0%
Jinan 176 Tengzhou 110
0%
Tai'an 126 Tengzhou 78
0%
Jining 64 Tengzhou 40
0%
Zaozhuang 33 Tengzhou 20
0%
Linyi 110 Tengzhou 68
0%
Xuzhou 97 Tengzhou 60
0%
Huaibei 128 Tengzhou 80
0%
Natal 844 Teresina 524
0%
Fortaleza 496 Teresina 308
0%
Sao Luis 329 Teresina 205
0%
Manaus 1923 Teresina 1195
0%
Qinhuangdao 225 Tianjin 140
0%
Beijing 114 Tianjin 71
0%
Zhangjiakou 273 Tianjin 170
0%
Baoding 152 Tianjin 95
0%
Los Angeles 202 Tijuana 126
0%
San Diego 23 Tijuana 14
0%
Las Vegas 440 Tijuana 274
0%
Phoenix 475 Tijuana 295
0%
Tucson 571 Tijuana 355
0%
Bangalore 271 Tiruchirappalli 168
0%
Chennai 301 Tiruchirappalli 187
0%
Salem 111 Tiruchirappalli 69
0%
Tiruppur 151 Tiruchirappalli 94
0%
Madurai 117 Tiruchirappalli 72
0%
Colombo 449 Tiruchirappalli 279
0%
Bangalore 209 Tiruppur 130
0%
Mysore 153 Tiruppur 95
0%
Chennai 380 Tiruppur 236
0%
Salem 108 Tiruppur 67
0%
Coimbatore 42 Tiruppur 26
0%
Kozhikode 169 Tiruppur 105
0%
Tiruchirappalli 151 Tiruppur 94
0%
Madurai 157 Tiruppur 97
0%
Colombo 540 Tiruppur 336
0%
Nagoya 266 Tokyo 165
0%
Hamamatsu 215 Tokyo 133
0%
Shizuoka 148 Tokyo 92
0%
Sendai 303 Tokyo 188
0%
San Luis Potosi 346 Toluca 215
0%
Aguascalientes 398 Toluca 247
0%
Guadalajara 415 Toluca 258
0%
Leon 293 Toluca 182
0%
Queretaro 164 Toluca 102
0%
Cuernavaca 60 Toluca 38
0%
Mexico City 57 Toluca 35
0%
Puebla 155 Toluca 97
0%
Montreal 506 Toronto 314
0%
Buffalo 94 Toronto 59
0%
Cleveland 304 Toronto 189
0%
Detroit 332 Toronto 206
0%
El Paso 752 Torreon 468
0%
Juarez 750 Torreon 466
0%
Chihuahua 431 Torreon 268
0%
Saltillo 247 Torreon 153
0%
Monterrey 316 Torreon 196
0%
Nouakchott 360 Touba 223
0%
Dakar 168 Touba 105
0%
Banjul 174 Touba 108
0%
Bamako 888 Touba 551
0%
Conakry 640 Touba 398
0%
Freetown 766 Touba 476
0%
Barcelona 253 Toulouse 158
0%
Marseille 319 Toulouse 198
0%
Lyon 360 Toulouse 224
0%
Sousse 401 Tripoli 249
0%
San Diego 583 Tucson 363
0%
Phoenix 171 Tucson 106
0%
El Paso 425 Tucson 264
0%
Tijuana 571 Tucson 355
0%
Juarez 426 Tucson 264
0%
Chihuahua 616 Tucson 383
0%
Rome 600 Tunis 373
0%
Naples 571 Tunis 355
0%
Algiers 635 Tunis 395
0%
Sousse 115 Tunis 72
0%
Marseille 270 Turin 168
0%
Lyon 236 Turin 146
0%
Milan 126 Turin 78
0%
Rome 525 Turin 326
0%
Samara 419 Ufa 260
0%
Kazan 452 Ufa 281
0%
Perm 360 Ufa 224
0%
Yekaterinburg 366 Ufa 228
0%
Chelyabinsk 346 Ufa 215
0%
Krasnoyarsk 1350 Ulaanbaatar 839
0%
Daegu 70 Ulsan 44
0%
Changwon 72 Ulsan 45
0%
Busan 47 Ulsan 29
0%
Kitakyushu 237 Ulsan 147
0%
Novosibirsk 1289 Urumqi 801
0%
Krasnoyarsk 1405 Urumqi 873
0%
Almaty 860 Urumqi 534
0%
Indore 278 Vadodara 173
0%
Ahmedabad 99 Vadodara 61
0%
Nashik 264 Vadodara 164
0%
Maracaibo 406 Valencia 252
0%
Barquisimeto 144 Valencia 89
0%
Maracay 47 Valencia 29
0%
Caracas 124 Valencia 77
0%
Madrid 302 Valencia 188
0%
Barcelona 303 Valencia 188
0%
Toulouse 484 Valencia 301
0%
Oran 420 Valencia 261
0%
Algiers 424 Valencia 264
0%
Mendoza 258 Valparaiso 160
0%
Santiago 99 Valparaiso 62
0%
Edmonton 820 Vancouver 510
0%
Calgary 676 Vancouver 420
0%
Seattle 194 Vancouver 120
0%
Portland 418 Vancouver 260
0%
Lucknow 267 Varanasi 166
0%
Allahabad 120 Varanasi 74
0%
Patna 216 Varanasi 134
0%
Ranchi 319 Varanasi 198
0%
Kathmandu 296 Varanasi 184
0%
Prague 253 Vienna 157
0%
Budapest 214 Vienna 133
0%
Belgrade 490 Vienna 305
0%
Katowice 298 Vienna 185
0%
Hyderabad, IN 251 Vijayawada 156
0%
Visakhapatnam 309 Vijayawada 192
0%
Chennai 385 Vijayawada 239
0%
Charlotte 473 Virginia Beach 294
0%
Greensboro 352 Virginia Beach 219
0%
Raleigh 267 Virginia Beach 166
0%
Richmond 151 Virginia Beach 94
0%
Bhilai 436 Visakhapatnam 271
0%
Vijayawada 309 Visakhapatnam 192
0%
Bhubaneswar 392 Visakhapatnam 243
0%
Rio de Janeiro 413 Vitoria 257
0%
Belo Horizonte 381 Vitoria 237
0%
Salvador 840 Vitoria 522
0%
Donetsk 504 Volgograd 313
0%
Rostov 393 Volgograd 244
0%
Saratov 332 Volgograd 206
0%
Samara 639 Volgograd 397
0%
Donetsk 422 Voronezh 292
0%
Kharkiv 277 Voronezh 172
0%
Moscow 467 Voronezh 290
0%
Rostov 495 Voronezh 308
0%
Saratov 472 Voronezh 293
0%
Xi'an 398 Wanzhou 248
0%
Baoji 423 Wanzhou 263
0%
Yichang 276 Wanzhou 171
0%
Ibadan 289 Warri 180
0%
Benin City 92 Warri 57
0%
Port Harcourt 164 Warri 102
0%
Aba 186 Warri 116
0%
Onitsha 138 Warri 86
0%
Enugu 219 Warri 136
0%
Budapest 545 Warsaw 339
0%
Minsk 474 Warsaw 295
0%
Katowice 260 Warsaw 161
0%
Stockholm 810 Warsaw 503
0%
Greensboro 398 Washington, D.C. 247
0%
Raleigh 374 Washington, D.C. 233
0%
Richmond 155 Washington, D.C. 96
0%
Philadelphia 198 Washington, D.C. 123
0%
Harrisburg 153 Washington, D.C. 95
0%
Pittsburgh 307 Washington, D.C. 191
0%
New York 327 Washington, D.C. 203
0%
Yantai 220 Weifang 137
0%
Weihai 278 Weifang 172
0%
Qingdao 131 Weifang 81
0%
Zibo 100 Weifang 62
0%
Jinan 183 Weifang 114
0%
Rizhao 147 Weifang 92
0%
Dalian 162 Weihai 101
0%
Yantai 60 Weihai 37
0%
Yiwu 157 Wenzhou 98
0%
Taizhou 102 Wenzhou 63
0%
Cangnan 60 Wenzhou 37
0%
Fuzhou 255 Wenzhou 158
0%
Naha 718 Wenzhou 446
0%
Xiangyang 261 Wuhan 162
0%
Nanchang 260 Wuhan 162
0%
Jingzhou 200 Wuhan 125
0%
Hefei 127 Wuhu 79
0%
Lu'an 186 Wuhu 116
0%
Ma'anshan 37 Wuhu 23
0%
Nanjing 86 Wuhu 53
0%
Zhenjiang 132 Wuhu 82
0%
Putian 143 Xiamen 89
0%
Shantou 190 Xiamen 118
0%
Kaohsiung 306 Xiamen 190
0%
Baoji 158 Xi'an 98
0%
Lanzhou 507 Xi'an 315
0%
Yinchuan 528 Xi'an 328
0%
Ganzhou 298 Xiangtan 185
0%
Hengyang 111 Xiangtan 69
0%
Pingxiang 93 Xiangtan 58
0%
Zhuzhou 18 Xiangtan 11
0%
Changsha 44 Xiangtan 28
0%
Yueyang 171 Xiangtan 106
0%
Changde 181 Xiangtan 112
0%
Nanyang 111 Xiangyang 72
0%
Xi'an 387 Xiangyang 240
0%
Jingzhou 187 Xiangyang 116
0%
Yichang 166 Xiangyang 103
0%
Wuhan 260 Xiangyang 161
0%
Baoding 218 Xingtai 135
0%
Shijiazhuang 108 Xingtai 67
0%
Taiyuan 193 Xingtai 120
0%
Handan 49 Xingtai 31
0%
Anyang 108 Xingtai 67
0%
Changzhi 157 Xingtai 98
0%
Lanzhou 195 Xining 121
0%
Yinchuan 445 Xining 276
0%
Handan 157 Xinxiang 97
0%
Anyang 98 Xinxiang 61
0%
Puyang 112 Xinxiang 70
0%
Changzhi 125 Xinxiang 78
0%
Jiaozuo 63 Xinxiang 39
0%
Zhengzhou 67 Xinxiang 42
0%
Kaifeng 66 Xinxiang 41
0%
Luoyang 155 Xinxiang 96
0%
Tengzhou 97 Xuzhou 60
0%
Zaozhuang 68 Xuzhou 42
0%
Shuyang 138 Xuzhou 85
0%
Suqian 95 Xuzhou 59
0%
Huaibei 53 Xuzhou 33
0%
Suzhou 69 Xuzhou 43
0%
Shangqiu 152 Xuzhou 94
0%
Bengbu 143 Xuzhou 89
0%
Huai'an 100 Yancheng 62
0%
Yangzhou 127 Yancheng 79
0%
Mandalay 570 Yangon 354
0%
Bangkok 577 Yangon 359
0%
Chonburi 647 Yangon 402
0%
Huai'an 132 Yangzhou 82
0%
Yancheng 127 Yangzhou 79
0%
Wuhu 148 Yangzhou 92
0%
Ma'anshan 117 Yangzhou 73
0%
Nanjing 69 Yangzhou 43
0%
Zhenjiang 23 Yangzhou 14
0%
Jiangyin 96 Yangzhou 60
0%
Dalian 162 Yantai 101
0%
Weihai 60 Yantai 37
0%
Qingdao 181 Yantai 113
0%
Bangui 785 Yaounde 488
0%
Pointe-Noire 963 Yaounde 598
0%
Ufa 366 Yekaterinburg 228
0%
Perm 292 Yekaterinburg 181
0%
Chelyabinsk 193 Yekaterinburg 120
0%
Nur-Sultan 946 Yekaterinburg 588
0%
Tabriz 279 Yerevan 173
0%
Tbilisi 171 Yerevan 106
0%
Baku 453 Yerevan 282
0%
Chengdu 210 Yibin 131
0%
Jiangjin 168 Yibin 104
0%
Luzhou 80 Yibin 50
0%
Zigong 67 Yibin 42
0%
Zunyi 251 Yibin 156
0%
Guiyang 305 Yibin 189
0%
Kunming 465 Yibin 289
0%
Xiangyang 165 Yichang 103
0%
Changde 189 Yichang 117
0%
Jingzhou 99 Yichang 62
0%
Wanzhou 276 Yichang 171
0%
Ulaanbaatar 1040 Yinchuan 646
0%
Baotou 392 Yinchuan 243
0%
Lanzhou 343 Yinchuan 213
0%
Xining 445 Yinchuan 276
0%
Shenyang 156 Yingkou 97
0%
Benxi 146 Yingkou 90
0%
Anshan 81 Yingkou 50
0%
Panjin 52 Yingkou 32
0%
Jinzhou 104 Yingkou 64
0%
Dalian 202 Yingkou 125
0%
Chifeng 329 Yingkou 204
0%
Qinhuangdao 237 Yingkou 147
0%
Hangzhou 107 Yiwu 67
0%
Cixi 149 Yiwu 92
0%
Ningbo 154 Yiwu 96
0%
Taizhou 148 Yiwu 92
0%
Wenzhou 157 Yiwu 98
0%
Cangnan 202 Yiwu 125
0%
Cirebon 230 Yogyakarta 143
0%
Malang 251 Yogyakarta 156
0%
Surabaya 270 Yogyakarta 168
0%
Perth 2745 Yogyakarta 1706
0%
Pingxiang 206 Yueyang 128
0%
Zhuzhou 170 Yueyang 106
0%
Xiangtan 171 Yueyang 106
0%
Changsha 127 Yueyang 79
0%
Nanchang 276 Yueyang 171
0%
Changde 143 Yueyang 89
0%
Jingzhou 139 Yueyang 86
0%
Yichang 231 Yueyang 144
0%
Wuhan 178 Yueyang 111
0%
Tai'an 156 Zaozhuang 97
0%
Jining 95 Zaozhuang 59
0%
Tengzhou 33 Zaozhuang 20
0%
Linyi 99 Zaozhuang 62
0%
Xuzhou 68 Zaozhuang 42
0%
Huaibei 107 Zaozhuang 66
0%
Niamey 663 Zaria 412
0%
Abuja 226 Zaria 140
0%
Jos 185 Zaria 115
0%
Kaduna 68 Zaria 42
0%
Kano 137 Zaria 85
0%
Maiduguri 600 Zaria 373
0%
N'Djamena 812 Zaria 505
0%
Ulaanbaatar 1013 Zhangjiakou 629
0%
Beijing 161 Zhangjiakou 100
0%
Datong 155 Zhangjiakou 97
0%
Hohhot 264 Zhangjiakou 164
0%
Baotou 426 Zhangjiakou 264
0%
Baoding 215 Zhangjiakou 134
0%
Maoming 73 Zhanjiang 45
0%
Haikou 137 Zhanjiang 85
0%
Nanning 268 Zhanjiang 166
0%
Liuzhou 353 Zhanjiang 219
0%
Hanoi 469 Zhanjiang 291
0%
Da Nang 623 Zhanjiang 387
0%
Xinxiang 67 Zhengzhou 42
0%
Kaifeng 62 Zhengzhou 39
0%
Luoyang 108 Zhengzhou 67
0%
Pingdingshan 116 Zhengzhou 72
0%
Nanyang 220 Zhengzhou 137
0%
Yancheng 146 Zhenjiang 91
0%
Wuhu 132 Zhenjiang 82
0%
Ma'anshan 103 Zhenjiang 64
0%
Nanjing 61 Zhenjiang 38
0%
Yangzhou 23 Zhenjiang 14
0%
Jiangyin 85 Zhenjiang 53
0%
Nantong 140 Zhenjiang 87
0%
Changshu 138 Zhenjiang 86
0%
Shantou 340 Zhuhai 211
0%
Huizhou 127 Zhuhai 79
0%
Hong Kong 61 Zhuhai 38
0%
Guangzhou 101 Zhuhai 62
0%
Qingyuan 165 Zhuhai 103
0%
Maoming 282 Zhuhai 175
0%
Zhanjiang 350 Zhuhai 218
0%
Haikou 429 Zhuhai 266
0%
Ganzhou 285 Zhuzhou 177
0%
Hengyang 118 Zhuzhou 73
0%
Pingxiang 75 Zhuzhou 46
0%
Xiangtan 18 Zhuzhou 11
0%
Changsha 49 Zhuzhou 30
0%
Nanchang 283 Zhuzhou 176
0%
Yueyang 170 Zhuzhou 106
0%
Weifang 100 Zibo 62
0%
Jinan 85 Zibo 53
0%
Tai'an 110 Zibo 68
0%
Mianyang 237 Zigong 147
0%
Chengdu 153 Zigong 95
0%
Hechuan 161 Zigong 100
0%
Chongqing 173 Zigong 108
0%
Jiangjin 144 Zigong 90
0%
Luzhou 83 Zigong 52
0%
Yibin 67 Zigong 42
0%
Guiyang 123 Zunyi 77
0%
Kunming 515 Zunyi 320
0%
Lyon 334 Zurich 208
0%
Milan 218 Zurich 135
0%
Mannheim 235 Zurich 146
0%
No matching quizzes found
Score Distribution
Percent of People with Each Score
Percentile by Number Answered
Your Score History
You have not taken this quiz